{"text_format":"3","workbook":"xlsx","n_sheets":6,"sheets":["DimMaterial","DimSupplier","FactInventory","FactPOLines","Targets","ReadMe"],"read":"whole","date_system":"1900"}

{"sheet":"DimMaterial","index":0,"n_rows":61,"n_cols":11,"rows_kept":61}
["MaterialID","MaterialDescription","Category","ABCClass","Criticality","AvgMonthlyDemand","LeadTimeDays","ServiceLevelTarget","SafetyStock","ReorderPoint","StandardCostUSD"]
["M001","Castings Component 01","Castings","A","Low",85,48,0.99,77,213,55.94]
["M002","Electrical Component 02","Electrical","A","Low",741,34,0.98,407,1247,56.1]
["M003","Fasteners Component 03","Fasteners","A","Medium",814,41,0.99,584,1696,19.43]
["M004","Machined Parts Component 04","Machined Parts","A","High",777,18,0.97,251,717,137.44]
["M005","Fabrications Component 05","Fabrications","A","Low",250,10,0.97,35,118,34.56]
["M006","Plastics Component 06","Plastics","A","Medium",397,55,0.95,360,1088,65.23]
["M007","Castings Component 07","Castings","A","Low",211,31,0.97,87,305,57.68]
["M008","Electrical Component 08","Electrical","A","Low",727,32,0.98,483,1258,63.49]
["M009","Fasteners Component 09","Fasteners","A","Low",859,19,0.97,258,802,91.79]
["M010","Machined Parts Component 10","Machined Parts","A","High",125,47,0.97,83,279,66.26]
["M011","Fabrications Component 11","Fabrications","A","Medium",389,48,0.95,379,1001,130.9]
["M012","Plastics Component 12","Plastics","A","Medium",870,10,0.98,146,436,141.35]
["M013","Castings Component 13","Castings","B","High",871,30,0.99,498,1369,106.35]
["M014","Electrical Component 14","Electrical","B","High",349,11,0.97,76,204,21.96]
["M015","Fasteners Component 15","Fasteners","B","Medium",678,54,0.98,487,1707,50.09]
["M016","Machined Parts Component 16","Machined Parts","B","Medium",652,11,0.95,148,387,9.89]
["M017","Fabrications Component 17","Fabrications","B","High",163,44,0.99,104,343,146.61]
["M018","Plastics Component 18","Plastics","B","Low",782,52,0.98,658,2013,39.64]
["M019","Castings Component 19","Castings","B","Medium",559,35,0.99,403,1055,91.07]
["M020","Electrical Component 20","Electrical","B","Medium",348,17,0.95,82,279,109.44]
["M021","Fasteners Component 21","Fasteners","B","Medium",245,15,0.97,71,194,107.8]
["M022","Machined Parts Component 22","Machined Parts","B","Medium",579,53,0.98,388,1411,101.27]
["M023","Fabrications Component 23","Fabrications","B","Medium",981,40,0.98,498,1806,74.28]
["M024","Plastics Component 24","Plastics","B","High",668,52,0.99,481,1639,93.24]
["M025","Castings Component 25","Castings","B","Medium",211,33,0.97,132,364,47.06]
["M026","Electrical Component 26","Electrical","B","Medium",626,24,0.97,190,691,128.89]
["M027","Fasteners Component 27","Fasteners","B","Low",910,41,0.98,451,1695,12.52]
["M028","Machined Parts Component 28","Machined Parts","B","High",814,15,0.99,221,628,39.34]
["M029","Fabrications Component 29","Fabrications","B","High",785,44,0.97,675,1826,56.25]
["M030","Plastics Component 30","Plastics","B","High",588,23,0.97,254,705,95.35]
["M031","Castings Component 31","Castings","B","High",147,23,0.99,45,158,6.43]
["M032","Electrical Component 32","Electrical","B","Low",506,49,0.95,337,1163,112.69]
["M033","Fasteners Component 33","Fasteners","C","Medium",841,33,0.97,579,1504,107.62]
["M034","Machined Parts Component 34","Machined Parts","C","High",849,28,0.95,302,1094,35.36]
["M035","Fabrications Component 35","Fabrications","C","Medium",127,46,0.98,82,277,112.78]
["M036","Plastics Component 36","Plastics","C","Medium",457,42,0.99,233,873,127.62]
["M037","Castings Component 37","Castings","C","Medium",194,48,0.97,188,498,17.3]
["M038","Electrical Component 38","Electrical","C","Medium",137,9,0.99,26,67,101.83]
["M039","Fasteners Component 39","Fasteners","C","Low",874,51,0.97,723,2209,40.62]
["M040","Machined Parts Component 40","Machined Parts","C","Medium",369,48,0.99,208,798,25.58]
["M041","Fabrications Component 41","Fabrications","C","Medium",369,44,0.98,264,805,106.53]
["M042","Plastics Component 42","Plastics","C","Low",799,51,0.97,661,2019,87.57]
["M043","Castings Component 43","Castings","C","High",536,27,0.95,264,746,125.21]
["M044","Electrical Component 44","Electrical","C","Low",902,39,0.97,457,1630,108.24]
["M045","Fasteners Component 45","Fasteners","C","High",607,13,0.95,115,378,95.8]
["M046","Machined Parts Component 46","Machined Parts","C","Medium",562,41,0.95,323,1091,7.23]
["M047","Fabrications Component 47","Fabrications","C","High",272,10,0.97,49,140,99.77]
["M048","Plastics Component 48","Plastics","C","Medium",412,39,0.95,340,876,10.87]
["M049","Castings Component 49","Castings","C","Medium",134,28,0.97,47,172,146.71]
["M050","Electrical Component 50","Electrical","C","High",223,41,0.97,142,447,144.62]
["M051","Fasteners Component 51","Fasteners","C","High",687,17,0.97,183,572,15.01]
["M052","Machined Parts Component 52","Machined Parts","C","High",248,30,0.98,108,356,41.01]
["M053","Fabrications Component 53","Fabrications","C","Medium",255,37,0.98,149,464,136.73]
["M054","Plastics Component 54","Plastics","C","Medium",582,29,0.98,266,829,130.34]
["M055","Castings Component 55","Castings","C","High",848,10,0.99,154,437,116.56]
["M056","Electrical Component 56","Electrical","C","Medium",228,40,0.95,157,461,97.54]
["M057","Fasteners Component 57","Fasteners","C","High",762,15,0.98,175,556,66.7]
["M058","Machined Parts Component 58","Machined Parts","C","Medium",591,34,0.97,347,1017,94.65]
["M059","Fabrications Component 59","Fabrications","C","Low",817,17,0.99,186,649,115.1]
["M060","Plastics Component 60","Plastics","C","Low",832,9,0.98,143,393,84.96]

{"sheet":"DimSupplier","index":1,"n_rows":13,"n_cols":4,"rows_kept":13}
["SupplierID","SupplierName","Country","ExpectedOTD"]
["V01","Source Partner 01","Canada",0.96]
["V02","Source Partner 02","India",0.86]
["V03","Source Partner 03","USA",0.88]
["V04","Source Partner 04","Mexico",0.91]
["V05","Source Partner 05","Mexico",0.95]
["V06","Source Partner 06","India",0.95]
["V07","Source Partner 07","Mexico",0.84]
["V08","Source Partner 08","USA",0.89]
["V09","Source Partner 09","USA",0.87]
["V10","Source Partner 10","USA",0.89]
["V11","Source Partner 11","India",0.95]
["V12","Source Partner 12","Canada",0.92]

{"sheet":"FactInventory","index":2,"n_rows":721,"n_cols":10,"rows_kept":721}
["MonthStart","MaterialID","OpeningQty","ReceiptQty","DemandQty","FulfilledQty","BackorderQty","ClosingQty","StockoutFlag","CarryingCostUSD"]
["2025-01-01","M001",120,95,99,99,0,116,0,118.82]
["2025-01-01","M002",677,887,897,897,0,667,0,678.59]
["2025-01-01","M003",1623,554,989,989,0,1188,0,491.56]
["2025-01-01","M004",466,668,622,622,0,512,0,1209.75]
["2025-01-01","M005",57,263,289,289,0,31,0,27.37]
["2025-01-01","M006",807,310,353,353,0,764,0,922.29]
["2025-01-01","M007",286,152,216,216,0,222,0,263.71]
["2025-01-01","M008",1079,631,677,677,0,1033,0,1206.82]
["2025-01-01","M009",374,685,779,779,0,280,0,540.28]
["2025-01-01","M010",168,155,142,142,0,181,0,208.12]
["2025-01-01","M011",679,398,422,422,0,655,0,1571.59]
["2025-01-01","M012",375,997,980,980,0,392,0,975.74]
["2025-01-01","M013",1330,528,782,782,0,1076,0,2302.9]
["2025-01-01","M014",195,281,352,352,0,124,0,63.05]
["2025-01-01","M015",1413,488,580,580,0,1321,0,1232.51]
["2025-01-01","M016",177,866,744,744,0,299,0,42.37]
["2025-01-01","M017",283,195,190,190,0,288,0,753.43]
["2025-01-01","M018",1070,846,841,841,0,1075,0,765.25]
["2025-01-01","M019",697,602,561,561,0,738,0,1176.17]
["2025-01-01","M020",173,309,329,329,0,153,0,321.1]
["2025-01-01","M021",186,326,278,278,0,234,0,407.48]
["2025-01-01","M022",1276,781,698,698,0,1359,0,2401.62]
["2025-01-01","M023",1661,906,875,875,0,1692,0,2241.55]
["2025-01-01","M024",966,276,673,673,0,569,0,1288.11]
["2025-01-01","M025",290,176,199,199,0,267,0,235.91]
["2025-01-01","M026",336,588,547,547,0,377,0,827.09]
["2025-01-01","M027",782,432,761,761,0,453,0,139.16]
["2025-01-01","M028",297,674,768,768,0,203,0,177.03]
["2025-01-01","M029",921,488,891,891,0,518,0,728.49]
["2025-01-01","M030",624,603,594,594,0,633,0,1078.69]
["2025-01-01","M031",79,158,142,142,0,95,0,10.07]
["2025-01-01","M032",652,732,624,624,0,760,0,1432.06]
["2025-01-01","M033",1378,1046,1019,1019,0,1405,0,2695.56]
["2025-01-01","M034",761,668,737,737,0,692,0,462.4]
["2025-01-01","M035",187,128,120,120,0,195,0,387.74]
["2025-01-01","M036",701,394,425,425,0,670,0,1574.7]
["2025-01-01","M037",434,196,188,188,0,442,0,136.39]
["2025-01-01","M038",55,146,145,145,0,56,0,101.73]
["2025-01-01","M039",1027,760,747,747,0,1040,0,755.65]
["2025-01-01","M040",575,391,337,337,0,629,0,277.18]
["2025-01-01","M041",470,357,306,306,0,521,0,950.14]
["2025-01-01","M042",1194,716,766,766,0,1144,0,1842.65]
["2025-01-01","M043",671,411,480,480,0,602,0,1434.53]
["2025-01-01","M044",1206,1221,1080,1080,0,1347,0,2487.03]
["2025-01-01","M045",216,785,695,695,0,306,0,450.07]
["2025-01-01","M046",734,457,529,529,0,662,0,90.84]
["2025-01-01","M047",78,204,218,218,0,64,0,127.51]
["2025-01-01","M048",476,525,497,497,0,504,0,95.87]
["2025-01-01","M049",114,87,142,142,0,59,0,228.43]
["2025-01-01","M050",319,279,247,247,0,351,0,872.06]
["2025-01-01","M051",518,704,749,749,0,473,0,133.87]
["2025-01-01","M052",230,154,230,230,0,154,0,141.73]
["2025-01-01","M053",440,205,202,202,0,443,0,1086.59]
["2025-01-01","M054",656,607,698,698,0,565,0,1432.31]
["2025-01-01","M055",392,607,664,664,0,335,0,762.65]
["2025-01-01","M056",401,230,232,232,0,399,0,702.29]
["2025-01-01","M057",411,578,638,638,0,351,0,457.43]
["2025-01-01","M058",820,276,563,563,0,533,0,1152.55]
["2025-01-01","M059",388,789,682,682,0,495,0,914.7]
["2025-01-01","M060",212,630,834,834,0,8,0,168.22]
["2025-02-01","M001",116,68,67,67,0,117,0,117.31]
["2025-02-01","M002",667,850,912,912,0,605,0,642.23]
["2025-02-01","M003",1188,776,682,682,0,1282,0,431.93]
["2025-02-01","M004",512,934,910,910,0,536,0,1296.33]
["2025-02-01","M005",31,242,285,273,12,0,1,9.64]
["2025-02-01","M006",764,311,323,323,0,752,0,890]
["2025-02-01","M007",222,263,244,244,0,241,0,240.35]
["2025-02-01","M008",1033,671,793,793,0,911,0,1110.82]
["2025-02-01","M009",280,853,757,757,0,376,0,541.93]
["2025-02-01","M010",181,95,112,112,0,164,0,205.74]
["2025-02-01","M011",655,476,429,429,0,702,0,1598.68]
["2025-02-01","M012",392,800,935,935,0,257,0,825.63]
["2025-02-01","M013",1076,872,855,855,0,1093,0,2076.06]
["2025-02-01","M014",124,361,317,317,0,168,0,57.71]
["2025-02-01","M015",1321,679,606,606,0,1394,0,1223.95]
["2025-02-01","M016",299,309,732,608,124,0,1,26.61]
["2025-02-01","M017",288,204,200,200,0,292,0,765.3]
["2025-02-01","M018",1075,738,951,951,0,862,0,691.04]
["2025-02-01","M019",738,674,586,586,0,826,0,1281.9]
["2025-02-01","M020",153,362,390,390,0,125,0,273.82]
["2025-02-01","M021",234,175,283,283,0,126,0,349.27]
["2025-02-01","M022",1359,584,602,602,0,1341,0,2460.86]
["2025-02-01","M023",1692,975,1140,1140,0,1527,0,2151.97]
["2025-02-01","M024",569,376,803,803,0,142,0,596.64]
["2025-02-01","M025",267,273,249,249,0,291,0,236.34]
["2025-02-01","M026",377,631,630,630,0,378,0,875.81]
["2025-02-01","M027",453,1175,1060,1060,0,568,0,115.05]
["2025-02-01","M028",203,1178,1002,1002,0,379,0,206.06]
["2025-02-01","M029",518,707,769,769,0,456,0,493.09]
["2025-02-01","M030",633,743,728,728,0,648,0,1099.29]
["2025-02-01","M031",95,120,118,118,0,97,0,11.11]
["2025-02-01","M032",760,498,423,423,0,835,0,1617.66]
["2025-02-01","M033",1405,960,980,980,0,1385,0,2702.34]
["2025-02-01","M034",692,604,715,715,0,581,0,405.12]
["2025-02-01","M035",195,149,142,142,0,202,0,402.96]
["2025-02-01","M036",670,537,468,468,0,739,0,1618.35]
["2025-02-01","M037",442,199,184,184,0,457,0,139.97]
["2025-02-01","M038",56,150,145,145,0,61,0,107.23]
["2025-02-01","M039",1040,1020,1019,1019,0,1041,0,760.77]
["2025-02-01","M040",629,488,445,445,0,672,0,299.52]
["2025-02-01","M041",521,338,292,292,0,567,0,1043.14]
["2025-02-01","M042",1144,882,883,883,0,1143,0,1802.45]
["2025-02-01","M043",602,192,438,438,0,356,0,1079.56]
["2025-02-01","M044",1347,1247,1066,1066,0,1528,0,2800.71]
["2025-02-01","M045",306,718,696,696,0,328,0,546.63]
["2025-02-01","M046",662,675,667,667,0,670,0,86.67]
["2025-02-01","M047",64,268,245,245,0,87,0,135.59]
["2025-02-01","M048",504,503,509,509,0,498,0,98.03]
["2025-02-01","M049",59,77,136,136,0,0,0,77.9]
["2025-02-01","M050",351,198,219,219,0,330,0,886.38]
["2025-02-01","M051",473,656,770,770,0,359,0,112.39]
["2025-02-01","M052",154,177,225,225,0,106,0,95.96]
["2025-02-01","M053",443,206,244,244,0,405,0,1043.52]
["2025-02-01","M054",565,399,563,563,0,401,0,1133.18]
["2025-02-01","M055",335,373,871,708,163,0,1,351.43]
["2025-02-01","M056",399,165,191,191,0,373,0,677.71]
["2025-02-01","M057",351,762,900,900,0,213,0,338.57]
["2025-02-01","M058",533,597,677,677,0,453,0,839.92]
["2025-02-01","M059",495,999,877,877,0,617,0,1151.92]
["2025-02-01","M060",8,1108,987,987,0,129,0,104.76]
["2025-03-01","M001",117,77,84,84,0,110,0,114.29]
["2025-03-01","M002",605,706,731,731,0,580,0,598.31]
["2025-03-01","M003",1282,695,774,774,0,1203,0,434.55]
["2025-03-01","M004",536,797,920,920,0,413,0,1173.88]
["2025-03-01","M005",0,285,250,250,0,35,0,10.89]
["2025-03-01","M006",752,413,390,390,0,775,0,896.46]
["2025-03-01","M007",241,299,257,257,0,283,0,272.02]
["2025-03-01","M008",911,739,681,681,0,969,0,1074.25]
["2025-03-01","M009",376,799,678,678,0,497,0,721.19]
["2025-03-01","M010",164,116,137,137,0,143,0,183.08]
["2025-03-01","M011",702,450,409,409,0,743,0,1702.35]
["2025-03-01","M012",257,1012,954,954,0,315,0,727.67]
["2025-03-01","M013",1093,810,947,947,0,956,0,1961.2]
["2025-03-01","M014",168,341,303,303,0,206,0,73.92]
["2025-03-01","M015",1394,760,741,741,0,1413,0,1265.42]
["2025-03-01","M016",0,737,803,737,66,0,1,0]
["2025-03-01","M017",292,183,167,167,0,308,0,791.69]
["2025-03-01","M018",862,551,621,621,0,792,0,590.08]
["2025-03-01","M019",826,425,458,458,0,793,0,1326.98]
["2025-03-01","M020",125,184,372,309,63,0,1,123.12]
["2025-03-01","M021",126,313,274,274,0,165,0,282.33]
["2025-03-01","M022",1341,482,482,482,0,1341,0,2444.46]
["2025-03-01","M023",1527,1099,972,972,0,1654,0,2126.56]
["2025-03-01","M024",142,681,704,704,0,119,0,219.02]
["2025-03-01","M025",291,246,219,219,0,318,0,257.94]
["2025-03-01","M026",378,512,591,591,0,299,0,785.33]
["2025-03-01","M027",568,706,745,745,0,529,0,123.61]
["2025-03-01","M028",379,1052,893,893,0,538,0,324.67]
["2025-03-01","M029",456,968,855,855,0,569,0,518.91]
["2025-03-01","M030",648,610,616,616,0,642,0,1107.01]
["2025-03-01","M031",97,178,167,167,0,108,0,11.86]
["2025-03-01","M032",835,538,565,565,0,808,0,1666.35]
["2025-03-01","M033",1385,316,741,741,0,960,0,2271.32]
["2025-03-01","M034",581,854,857,857,0,578,0,368.84]
["2025-03-01","M035",202,131,142,142,0,191,0,398.9]
["2025-03-01","M036",739,491,486,486,0,744,0,1703.34]
["2025-03-01","M037",457,131,221,221,0,367,0,128.3]
["2025-03-01","M038",61,103,139,139,0,25,0,78.82]
["2025-03-01","M039",1041,971,856,856,0,1156,0,803.18]
["2025-03-01","M040",672,368,389,389,0,651,0,304.58]
["2025-03-01","M041",567,386,355,355,0,598,0,1116.97]
["2025-03-01","M042",1143,650,681,681,0,1112,0,1777.23]
["2025-03-01","M043",356,595,656,656,0,295,0,733.61]
["2025-03-01","M044",1528,782,842,842,0,1468,0,2918.58]
["2025-03-01","M045",328,515,498,498,0,345,0,580.26]
["2025-03-01","M046",670,569,578,578,0,661,0,86.61]
["2025-03-01","M047",87,195,255,255,0,27,0,102.36]
["2025-03-01","M048",498,416,413,413,0,501,0,97.73]
["2025-03-01","M049",0,169,154,154,0,15,0,19.81]
["2025-03-01","M050",330,299,270,270,0,359,0,896.79]
["2025-03-01","M051",359,671,765,765,0,265,0,84.3]
["2025-03-01","M052",106,183,297,289,8,0,1,39.12]
["2025-03-01","M053",405,229,260,260,0,374,0,958.61]
["2025-03-01","M054",401,237,565,565,0,73,0,556.03]
["2025-03-01","M055",0,967,906,906,0,61,0,63.99]
["2025-03-01","M056",373,306,260,260,0,419,0,695.27]
["2025-03-01","M057",213,868,914,914,0,167,0,228.11]
["2025-03-01","M058",453,500,573,573,0,380,0,709.59]
["2025-03-01","M059",617,841,812,812,0,646,0,1308.34]
["2025-03-01","M060",129,802,691,691,0,240,0,282.15]
["2025-04-01","M001",110,88,105,105,0,93,0,102.2]
["2025-04-01","M002",580,584,668,668,0,496,0,543.27]
["2025-04-01","M003",1203,747,658,658,0,1292,0,436.3]
["2025-04-01","M004",413,644,802,802,0,255,0,826.29]
["2025-04-01","M005",35,273,258,258,0,50,0,26.44]
["2025-04-01","M006",775,377,366,366,0,786,0,916.42]
["2025-04-01","M007",283,257,260,260,0,280,0,292.26]
["2025-04-01","M008",969,747,726,726,0,990,0,1119.39]
["2025-04-01","M009",497,717,749,749,0,465,0,794.72]
["2025-04-01","M010",143,120,103,103,0,160,0,180.69]
["2025-04-01","M011",743,440,444,444,0,739,0,1745.94]
["2025-04-01","M012",315,986,936,936,0,365,0,865.06]
["2025-04-01","M013",956,787,868,868,0,875,0,1752.54]
["2025-04-01","M014",206,419,382,382,0,243,0,88.74]
["2025-04-01","M015",1413,642,702,702,0,1353,0,1246.94]
["2025-04-01","M016",0,830,808,808,0,22,0,1.96]
["2025-04-01","M017",308,130,149,149,0,289,0,787.74]
["2025-04-01","M018",792,769,693,693,0,868,0,592.22]
["2025-04-01","M019",793,284,526,526,0,551,0,1101.58]
["2025-04-01","M020",0,346,337,337,0,9,0,8.86]
["2025-04-01","M021",165,235,263,263,0,137,0,293]
["2025-04-01","M022",1341,499,504,504,0,1336,0,2439.9]
["2025-04-01","M023",1654,917,939,939,0,1632,0,2196.76]
["2025-04-01","M024",119,329,629,448,181,0,1,99.86]
["2025-04-01","M025",318,229,198,198,0,349,0,282.5]
["2025-04-01","M026",299,880,752,752,0,427,0,842.17]
["2025-04-01","M027",529,840,747,747,0,622,0,129.69]
["2025-04-01","M028",538,732,984,984,0,286,0,291.75]
["2025-04-01","M029",569,676,731,731,0,514,0,548.27]
["2025-04-01","M030",642,688,583,583,0,747,0,1191.97]
["2025-04-01","M031",108,139,140,140,0,107,0,12.44]
["2025-04-01","M032",808,293,548,548,0,553,0,1380.34]
["2025-04-01","M033",960,879,901,901,0,938,0,1838.36]
["2025-04-01","M034",578,422,1012,1000,12,0,1,183.94]
["2025-04-01","M035",191,162,144,144,0,209,0,406.01]
["2025-04-01","M036",744,518,540,540,0,722,0,1683.82]
["2025-04-01","M037",367,180,162,162,0,385,0,117.09]
["2025-04-01","M038",25,133,134,134,0,24,0,44.91]
["2025-04-01","M039",1156,823,758,758,0,1221,0,868.98]
["2025-04-01","M040",651,427,432,432,0,646,0,298.6]
["2025-04-01","M041",598,412,410,410,0,600,0,1148.61]
["2025-04-01","M042",1112,614,658,658,0,1068,0,1718.12]
["2025-04-01","M043",295,635,562,562,0,368,0,747.13]
["2025-04-01","M044",1468,541,1049,1049,0,960,0,2365.26]
["2025-04-01","M045",345,566,632,632,0,279,0,538.01]
["2025-04-01","M046",661,774,660,660,0,775,0,93.44]
["2025-04-01","M047",27,258,295,285,10,0,1,24.24]
["2025-04-01","M048",501,332,434,434,0,399,0,88.05]
["2025-04-01","M049",15,74,127,89,38,0,1,19.81]
["2025-04-01","M050",359,234,213,213,0,380,0,961.87]
["2025-04-01","M051",265,762,681,681,0,346,0,82.54]
["2025-04-01","M052",0,220,228,220,8,0,1,0]
["2025-04-01","M053",374,303,298,298,0,379,0,926.62]
["2025-04-01","M054",73,598,673,671,2,0,1,85.63]
["2025-04-01","M055",61,538,849,599,250,0,1,63.99]
["2025-04-01","M056",419,253,255,255,0,417,0,733.89]
["2025-04-01","M057",167,765,679,679,0,253,0,252.13]
["2025-04-01","M058",380,477,553,553,0,304,0,582.67]
["2025-04-01","M059",646,978,876,876,0,748,0,1444.04]
["2025-04-01","M060",240,718,710,710,0,248,0,373.14]
["2025-05-01","M001",93,77,68,68,0,102,0,98.17]
["2025-05-01","M002",496,683,676,676,0,503,0,504.4]
["2025-05-01","M003",1292,698,714,714,0,1276,0,449.07]
["2025-05-01","M004",255,850,738,738,0,367,0,769.39]
["2025-05-01","M005",50,224,248,248,0,26,0,23.64]
["2025-05-01","M006",786,202,339,339,0,649,0,842.45]
["2025-05-01","M007",280,134,223,223,0,191,0,244.51]
["2025-05-01","M008",990,761,820,820,0,931,0,1097.68]
["2025-05-01","M009",465,429,832,832,0,62,0,435.36]
["2025-05-01","M010",160,111,144,144,0,127,0,171.15]
["2025-05-01","M011",739,411,413,413,0,737,0,1738.88]
["2025-05-01","M012",365,772,843,843,0,294,0,838.35]
["2025-05-01","M013",875,1064,1051,1051,0,888,0,1687.46]
["2025-05-01","M014",243,391,361,361,0,273,0,101.98]
["2025-05-01","M015",1353,602,637,637,0,1318,0,1204.11]
["2025-05-01","M016",22,672,669,669,0,25,0,4.18]
["2025-05-01","M017",289,170,151,151,0,308,0,787.74]
["2025-05-01","M018",868,612,668,668,0,812,0,599.36]
["2025-05-01","M019",551,593,509,509,0,635,0,972.08]
["2025-05-01","M020",9,460,396,396,0,73,0,80.77]
["2025-05-01","M021",137,153,244,244,0,46,0,177.55]
["2025-05-01","M022",1336,639,651,651,0,1324,0,2424.4]
["2025-05-01","M023",1632,1265,1152,1152,0,1745,0,2257.59]
["2025-05-01","M024",0,497,590,497,93,0,1,0]
["2025-05-01","M025",349,166,173,173,0,342,0,292.67]
["2025-05-01","M026",427,626,541,541,0,512,0,1089.25]
["2025-05-01","M027",622,921,971,971,0,572,0,134.54]
["2025-05-01","M028",286,486,676,676,0,96,0,135.25]
["2025-05-01","M029",514,400,913,913,0,1,0,260.72]
["2025-05-01","M030",747,698,603,603,0,842,0,1363.6]
["2025-05-01","M031",107,102,116,116,0,93,0,11.57]
["2025-05-01","M032",553,512,532,532,0,533,0,1101.43]
["2025-05-01","M033",938,984,890,890,0,1032,0,1908.1]
["2025-05-01","M034",0,992,883,883,0,109,0,34.69]
["2025-05-01","M035",209,110,103,103,0,216,0,431.38]
["2025-05-01","M036",722,422,366,366,0,778,0,1722.87]
["2025-05-01","M037",385,207,191,191,0,401,0,122.38]
["2025-05-01","M038",24,148,131,131,0,41,0,59.57]
["2025-05-01","M039",1221,916,987,987,0,1150,0,866.79]
["2025-05-01","M040",646,437,419,419,0,664,0,301.59]
["2025-05-01","M041",600,469,417,417,0,652,0,1200.38]
["2025-05-01","M042",1068,970,904,904,0,1134,0,1735.46]
["2025-05-01","M043",368,558,593,593,0,333,0,789.95]
["2025-05-01","M044",960,568,739,739,0,789,0,1703.81]
["2025-05-01","M045",279,534,749,749,0,64,0,295.73]
["2025-05-01","M046",775,714,605,605,0,884,0,107.95]
["2025-05-01","M047",0,250,281,250,31,0,1,0]
["2025-05-01","M048",399,308,348,348,0,359,0,74.16]
["2025-05-01","M049",0,112,147,112,35,0,1,0]
["2025-05-01","M050",380,250,272,272,0,358,0,960.57]
["2025-05-01","M051",346,623,575,575,0,394,0,99.97]
["2025-05-01","M052",0,354,307,307,0,47,0,17.35]
["2025-05-01","M053",379,317,299,299,0,397,0,954.92]
["2025-05-01","M054",0,572,652,572,80,0,1,0]
["2025-05-01","M055",0,665,739,665,74,0,1,0]
["2025-05-01","M056",417,278,257,257,0,438,0,750.57]
["2025-05-01","M057",253,781,897,897,0,137,0,234.12]
["2025-05-01","M058",304,545,481,481,0,368,0,572.44]
["2025-05-01","M059",748,961,873,873,0,836,0,1640.87]
["2025-05-01","M060",248,1085,951,951,0,382,0,481.72]
["2025-06-01","M001",102,83,79,79,0,106,0,104.72]
["2025-06-01","M002",503,590,751,751,0,342,0,426.64]
["2025-06-01","M003",1276,540,984,984,0,832,0,368.63]
["2025-06-01","M004",367,706,739,739,0,334,0,867.11]
["2025-06-01","M005",26,271,298,297,1,0,1,8.09]
["2025-06-01","M006",649,510,466,466,0,693,0,787.85]
["2025-06-01","M007",191,232,239,239,0,184,0,194.67]
["2025-06-01","M008",931,749,653,653,0,1027,0,1118.82]
["2025-06-01","M009",62,922,905,905,0,79,0,116.48]
["2025-06-01","M010",127,101,129,129,0,99,0,134.77]
["2025-06-01","M011",737,420,455,455,0,702,0,1695.29]
["2025-06-01","M012",294,664,679,679,0,279,0,728.94]
["2025-06-01","M013",888,719,806,806,0,801,0,1616.63]
["2025-06-01","M014",273,296,277,277,0,292,0,111.67]
["2025-06-01","M015",1318,531,577,577,0,1272,0,1167.6]
["2025-06-01","M016",25,493,530,518,12,0,1,2.23]
["2025-06-01","M017",308,161,175,175,0,294,0,794.33]
["2025-06-01","M018",812,903,858,858,0,857,0,595.43]
["2025-06-01","M019",635,651,597,597,0,689,0,1085.19]
["2025-06-01","M020",73,199,279,272,7,0,1,71.9]
["2025-06-01","M021",46,291,303,303,0,34,0,77.62]
["2025-06-01","M022",1324,548,587,587,0,1285,0,2377.92]
["2025-06-01","M023",1745,912,1030,1030,0,1627,0,2254.25]
["2025-06-01","M024",0,622,657,622,35,0,1,0]
["2025-06-01","M025",342,114,246,246,0,210,0,233.79]
["2025-06-01","M026",512,600,601,601,0,511,0,1186.69]
["2025-06-01","M027",572,1020,956,956,0,636,0,136.12]
["2025-06-01","M028",96,1129,1006,1006,0,219,0,111.53]
["2025-06-01","M029",1,705,785,706,79,0,1,0.51]
["2025-06-01","M030",842,535,635,635,0,742,0,1359.31]
["2025-06-01","M031",93,141,149,149,0,85,0,10.3]
["2025-06-01","M032",533,462,477,477,0,518,0,1065.93]
["2025-06-01","M033",1032,725,846,846,0,911,0,1881.95]
["2025-06-01","M034",109,378,815,487,328,0,1,34.69]
["2025-06-01","M035",216,92,101,101,0,207,0,429.35]
["2025-06-01","M036",778,421,496,496,0,703,0,1701.05]
["2025-06-01","M037",401,113,163,163,0,351,0,117.09]
["2025-06-01","M038",41,147,145,145,0,43,0,76.98]
["2025-06-01","M039",1150,591,1006,1006,0,735,0,689.12]
["2025-06-01","M040",664,387,345,345,0,706,0,315.4]
["2025-06-01","M041",652,286,294,294,0,644,0,1242.57]
["2025-06-01","M042",1134,773,723,723,0,1184,0,1826.89]
["2025-06-01","M043",333,280,654,613,41,0,1,375.25]
["2025-06-01","M044",789,823,724,724,0,888,0,1633.67]
["2025-06-01","M045",64,556,490,490,0,130,0,167.27]
["2025-06-01","M046",884,665,625,625,0,924,0,117.65]
["2025-06-01","M047",0,328,315,315,0,13,0,11.67]
["2025-06-01","M048",359,424,479,479,0,304,0,64.86]
["2025-06-01","M049",0,127,116,116,0,11,0,14.52]
["2025-06-01","M050",358,212,188,188,0,382,0,963.17]
["2025-06-01","M051",394,862,836,836,0,420,0,109.96]
["2025-06-01","M052",47,270,270,270,0,47,0,34.69]
["2025-06-01","M053",397,338,296,296,0,439,0,1028.76]
["2025-06-01","M054",0,626,712,626,86,0,1,0]
["2025-06-01","M055",0,1075,966,966,0,109,0,114.35]
["2025-06-01","M056",438,159,187,187,0,410,0,744.43]
["2025-06-01","M057",137,935,883,883,0,189,0,195.7]
["2025-06-01","M058",368,545,567,567,0,346,0,608.22]
["2025-06-01","M059",836,838,855,855,0,819,0,1714.41]
["2025-06-01","M060",382,973,854,854,0,501,0,675.18]
["2025-07-01","M001",106,55,69,69,0,92,0,99.69]
["2025-07-01","M002",342,741,743,743,0,340,0,344.34]
["2025-07-01","M003",832,880,824,824,0,888,0,300.78]
["2025-07-01","M004",334,578,838,838,0,74,0,504.68]
["2025-07-01","M005",0,196,274,196,78,0,1,0]
["2025-07-01","M006",693,402,396,396,0,699,0,817.2]
["2025-07-01","M007",184,148,256,256,0,76,0,134.97]
["2025-07-01","M008",1027,826,780,780,0,1073,0,1199.96]
["2025-07-01","M009",79,946,1005,1005,0,20,0,81.78]
["2025-07-01","M010",99,124,108,108,0,115,0,127.62]
["2025-07-01","M011",702,392,374,374,0,720,0,1675.26]
["2025-07-01","M012",279,715,832,832,0,162,0,561.02]
["2025-07-01","M013",801,985,1064,1064,0,722,0,1457.74]
["2025-07-01","M014",292,226,399,399,0,119,0,81.23]
["2025-07-01","M015",1272,837,720,720,0,1389,0,1199.61]
["2025-07-01","M016",0,491,517,491,26,0,1,0]
["2025-07-01","M017",294,192,186,186,0,300,0,783.78]
["2025-07-01","M018",857,449,731,731,0,575,0,510.88]
["2025-07-01","M019",689,536,635,635,0,590,0,1048.31]
["2025-07-01","M020",0,130,286,130,156,0,1,0]
["2025-07-01","M021",34,271,253,253,0,52,0,83.44]
["2025-07-01","M022",1285,418,613,613,0,1090,0,2164.65]
["2025-07-01","M023",1627,540,1151,1151,0,1016,0,1766.9]
["2025-07-01","M024",0,578,659,578,81,0,1,0]
["2025-07-01","M025",210,181,181,181,0,210,0,177.89]
["2025-07-01","M026",511,504,591,591,0,424,0,1084.61]
["2025-07-01","M027",636,824,928,928,0,532,0,131.61]
["2025-07-01","M028",219,850,882,882,0,187,0,143.75]
["2025-07-01","M029",0,829,714,714,0,115,0,58.22]
["2025-07-01","M030",742,549,473,473,0,818,0,1338.71]
["2025-07-01","M031",85,114,127,127,0,72,0,9.09]
["2025-07-01","M032",518,314,514,514,0,318,0,847.88]
["2025-07-01","M033",911,985,901,901,0,995,0,1846.11]
["2025-07-01","M034",0,821,863,821,42,0,1,0]
["2025-07-01","M035",207,116,101,101,0,222,0,435.44]
["2025-07-01","M036",703,242,521,521,0,424,0,1294.45]
["2025-07-01","M037",351,250,228,228,0,373,0,112.73]
["2025-07-01","M038",43,125,117,117,0,51,0,86.15]
["2025-07-01","M039",735,863,764,764,0,834,0,573.6]
["2025-07-01","M040",706,320,370,370,0,656,0,313.56]
["2025-07-01","M041",644,446,441,441,0,649,0,1239.69]
["2025-07-01","M042",1184,835,913,913,0,1106,0,1804.82]
["2025-07-01","M043",0,528,529,528,1,0,1,0]
["2025-07-01","M044",888,775,812,812,0,851,0,1694.06]
["2025-07-01","M045",130,605,648,648,0,87,0,187.1]
["2025-07-01","M046",924,729,696,696,0,957,0,122.4]
["2025-07-01","M047",13,336,313,313,0,36,0,44]
["2025-07-01","M048",304,394,430,430,0,268,0,55.96]
["2025-07-01","M049",11,127,114,114,0,24,0,46.21]
["2025-07-01","M050",382,219,253,253,0,348,0,950.15]
["2025-07-01","M051",420,630,630,630,0,420,0,113.48]
["2025-07-01","M052",47,320,290,290,0,77,0,45.77]
["2025-07-01","M053",439,201,220,220,0,420,0,1057.06]
["2025-07-01","M054",0,773,674,674,0,99,0,116.13]
["2025-07-01","M055",109,817,908,908,0,18,0,133.23]
["2025-07-01","M056",410,117,264,264,0,263,0,590.8]
["2025-07-01","M057",189,714,691,691,0,212,0,240.72]
["2025-07-01","M058",346,478,630,630,0,194,0,460]
["2025-07-01","M059",819,738,759,759,0,798,0,1675.05]
["2025-07-01","M060",501,762,900,900,0,363,0,660.65]
["2025-08-01","M001",92,83,96,96,0,79,0,86.09]
["2025-08-01","M002",340,736,696,696,0,380,0,363.53]
["2025-08-01","M003",888,886,957,957,0,817,0,298.15]
["2025-08-01","M004",74,491,809,565,244,0,1,91.54]
["2025-08-01","M005",0,341,304,304,0,37,0,11.51]
["2025-08-01","M006",699,353,325,325,0,727,0,837.16]
["2025-08-01","M007",76,231,233,233,0,74,0,77.87]
["2025-08-01","M008",1073,720,611,611,0,1182,0,1288.53]
["2025-08-01","M009",20,967,868,868,0,119,0,114.83]
["2025-08-01","M010",115,84,99,99,0,100,0,128.21]
["2025-08-01","M011",720,355,364,364,0,711,0,1685.86]
["2025-08-01","M012",162,944,845,845,0,261,0,538.12]
["2025-08-01","M013",722,451,880,880,0,293,0,971.51]
["2025-08-01","M014",119,187,364,306,58,0,1,23.52]
["2025-08-01","M015",1389,697,711,711,0,1375,0,1246.04]
["2025-08-01","M016",0,506,689,506,183,0,1,0]
["2025-08-01","M017",300,174,155,155,0,319,0,816.76]
["2025-08-01","M018",575,673,766,766,0,482,0,377.1]
["2025-08-01","M019",590,727,688,688,0,629,0,999.13]
["2025-08-01","M020",0,366,405,366,39,0,1,0]
["2025-08-01","M021",52,224,259,259,0,17,0,66.94]
["2025-08-01","M022",1090,268,535,535,0,823,0,1743.57]
["2025-08-01","M023",1016,1080,1159,1159,0,937,0,1305.62]
["2025-08-01","M024",0,638,632,632,0,6,0,5.03]
["2025-08-01","M025",210,85,178,178,0,117,0,138.5]
["2025-08-01","M026",424,593,681,681,0,336,0,881.61]
["2025-08-01","M027",532,871,926,926,0,477,0,113.69]
["2025-08-01","M028",187,753,736,736,0,204,0,138.44]
["2025-08-01","M029",115,784,890,890,0,9,0,62.78]
["2025-08-01","M030",818,701,615,615,0,904,0,1477.73]
["2025-08-01","M031",72,150,142,142,0,80,0,8.8]
["2025-08-01","M032",318,410,474,474,0,254,0,580.13]
["2025-08-01","M033",995,926,1013,1013,0,908,0,1843.21]
["2025-08-01","M034",0,885,1004,885,119,0,1,0]
["2025-08-01","M035",222,135,130,130,0,227,0,455.74]
["2025-08-01","M036",424,388,536,536,0,276,0,804.01]
["2025-08-01","M037",373,121,209,209,0,285,0,102.45]
["2025-08-01","M038",51,183,165,165,0,69,0,109.98]
["2025-08-01","M039",834,670,833,833,0,671,0,550.2]
["2025-08-01","M040",656,330,346,346,0,640,0,298.37]
["2025-08-01","M041",649,395,409,409,0,635,0,1231.06]
["2025-08-01","M042",1106,999,906,906,0,1199,0,1816.64]
["2025-08-01","M043",0,532,617,532,85,0,1,0]
["2025-08-01","M044",851,825,973,973,0,703,0,1513.84]
["2025-08-01","M045",87,608,518,518,0,177,0,227.62]
["2025-08-01","M046",957,560,577,577,0,940,0,123.44]
["2025-08-01","M047",36,245,228,228,0,53,0,79.92]
["2025-08-01","M048",268,381,472,472,0,177,0,43.53]
["2025-08-01","M049",24,144,144,144,0,24,0,63.38]
["2025-08-01","M050",348,236,202,202,0,382,0,950.15]
["2025-08-01","M051",420,597,542,542,0,475,0,120.91]
["2025-08-01","M052",77,288,247,247,0,118,0,71.97]
["2025-08-01","M053",420,281,251,251,0,450,0,1070.6]
["2025-08-01","M054",99,716,625,625,0,190,0,339.01]
["2025-08-01","M055",18,627,732,645,87,0,1,18.88]
["2025-08-01","M056",263,203,194,194,0,272,0,469.66]
["2025-08-01","M057",212,551,615,615,0,148,0,216.11]
["2025-08-01","M058",194,521,508,508,0,207,0,341.59]
["2025-08-01","M059",798,851,902,902,0,747,0,1600.47]
["2025-08-01","M060",363,660,747,747,0,276,0,488.6]
["2025-09-01","M001",79,97,96,96,0,80,0,80.05]
["2025-09-01","M002",380,1130,971,971,0,539,0,464]
["2025-09-01","M003",817,1055,963,963,0,909,0,301.83]
["2025-09-01","M004",0,377,942,377,565,0,1,0]
["2025-09-01","M005",37,299,267,267,0,69,0,32.97]
["2025-09-01","M006",727,485,508,508,0,704,0,840.1]
["2025-09-01","M007",74,252,236,236,0,90,0,85.14]
["2025-09-01","M008",1182,614,627,627,0,1169,0,1343.38]
["2025-09-01","M009",119,869,802,802,0,186,0,251.96]
["2025-09-01","M010",100,123,115,115,0,108,0,124.04]
["2025-09-01","M011",711,348,342,342,0,717,0,1682.33]
["2025-09-01","M012",261,783,869,869,0,175,0,554.66]
["2025-09-01","M013",293,843,806,806,0,330,0,596.3]
["2025-09-01","M014",0,378,334,334,0,44,0,8.7]
["2025-09-01","M015",1375,671,582,582,0,1464,0,1279.85]
["2025-09-01","M016",0,416,686,416,270,0,1,0]
["2025-09-01","M017",319,198,196,196,0,321,0,844.47]
["2025-09-01","M018",482,872,891,891,0,463,0,337.14]
["2025-09-01","M019",629,478,495,495,0,612,0,1017.16]
["2025-09-01","M020",0,325,295,295,0,30,0,29.55]
["2025-09-01","M021",17,372,318,318,0,71,0,85.38]
["2025-09-01","M022",823,588,581,581,0,830,0,1506.59]
["2025-09-01","M023",937,1002,960,960,0,979,0,1280.88]
["2025-09-01","M024",6,452,781,458,323,0,1,5.03]
["2025-09-01","M025",117,260,260,260,0,117,0,99.11]
["2025-09-01","M026",336,627,781,781,0,182,0,600.89]
["2025-09-01","M027",477,895,815,815,0,557,0,116.51]
["2025-09-01","M028",204,653,689,689,0,168,0,131.71]
["2025-09-01","M029",9,406,716,415,301,0,1,4.56]
["2025-09-01","M030",904,614,639,639,0,879,0,1530.08]
["2025-09-01","M031",80,129,149,149,0,60,0,8.1]
["2025-09-01","M032",254,458,498,498,0,214,0,474.65]
["2025-09-01","M033",908,1137,1120,1120,0,925,0,1775.41]
["2025-09-01","M034",0,487,845,487,358,0,1,0]
["2025-09-01","M035",227,158,157,157,0,228,0,461.83]
["2025-09-01","M036",276,363,535,535,0,104,0,436.46]
["2025-09-01","M037",285,179,178,178,0,286,0,88.9]
["2025-09-01","M038",69,135,133,133,0,71,0,128.31]
["2025-09-01","M039",671,1103,1070,1070,0,704,0,502.67]
["2025-09-01","M040",640,387,369,369,0,658,0,298.83]
["2025-09-01","M041",635,348,466,466,0,517,0,1104.5]
["2025-09-01","M042",1199,810,790,790,0,1219,0,1905.7]
["2025-09-01","M043",0,279,461,279,182,0,1,0]
["2025-09-01","M044",703,850,862,862,0,691,0,1357.98]
["2025-09-01","M045",177,522,543,543,0,156,0,287.11]
["2025-09-01","M046",940,491,582,582,0,849,0,116.41]
["2025-09-01","M047",53,247,282,282,0,18,0,63.75]
["2025-09-01","M048",177,370,550,547,3,0,1,17.32]
["2025-09-01","M049",24,123,139,139,0,8,0,42.25]
["2025-09-01","M050",382,268,249,249,0,401,0,1019.14]
["2025-09-01","M051",475,353,648,648,0,180,0,88.48]
["2025-09-01","M052",118,234,230,230,0,122,0,88.58]
["2025-09-01","M053",450,296,314,314,0,432,0,1085.36]
["2025-09-01","M054",190,480,505,505,0,165,0,416.44]
["2025-09-01","M055",0,867,942,867,75,0,1,0]
["2025-09-01","M056",272,134,203,203,0,203,0,416.98]
["2025-09-01","M057",148,824,860,860,0,112,0,156.08]
["2025-09-01","M058",207,560,585,585,0,182,0,331.37]
["2025-09-01","M059",747,1065,990,990,0,822,0,1625.33]
["2025-09-01","M060",276,1202,1111,1111,0,367,0,491.66]
["2025-10-01","M001",80,60,79,79,0,61,0,70.99]
["2025-10-01","M002",539,933,967,967,0,505,0,527.12]
["2025-10-01","M003",909,916,901,901,0,924,0,320.54]
["2025-10-01","M004",0,755,988,755,233,0,1,0]
["2025-10-01","M005",69,280,280,280,0,69,0,42.92]
["2025-10-01","M006",704,328,368,368,0,664,0,803.11]
["2025-10-01","M007",90,105,184,184,0,11,0,52.43]
["2025-10-01","M008",1169,802,846,846,0,1125,0,1310.81]
["2025-10-01","M009",186,469,1100,655,445,0,1,153.66]
["2025-10-01","M010",108,120,137,137,0,91,0,118.67]
["2025-10-01","M011",717,321,412,412,0,626,0,1582.19]
["2025-10-01","M012",175,982,898,898,0,259,0,552.11]
["2025-10-01","M013",330,1187,1055,1055,0,462,0,758.06]
["2025-10-01","M014",44,348,335,335,0,57,0,19.96]
["2025-10-01","M015",1464,835,807,807,0,1492,0,1332.59]
["2025-10-01","M016",0,815,718,718,0,97,0,8.63]
["2025-10-01","M017",321,151,166,166,0,306,0,827.32]
["2025-10-01","M018",463,867,805,805,0,525,0,352.48]
["2025-10-01","M019",612,596,527,527,0,681,0,1059.78]
["2025-10-01","M020",30,414,400,400,0,44,0,72.89]
["2025-10-01","M021",71,301,285,285,0,87,0,153.29]
["2025-10-01","M022",830,449,510,510,0,769,0,1457.38]
["2025-10-01","M023",979,1204,1265,1265,0,918,0,1268.18]
["2025-10-01","M024",0,689,886,689,197,0,1,0]
["2025-10-01","M025",117,288,272,272,0,133,0,105.89]
["2025-10-01","M026",182,652,697,697,0,137,0,370.04]
["2025-10-01","M027",557,772,800,800,0,529,0,122.37]
["2025-10-01","M028",168,741,686,686,0,223,0,138.44]
["2025-10-01","M029",0,990,894,894,0,96,0,48.6]
["2025-10-01","M030",879,628,768,768,0,739,0,1388.49]
["2025-10-01","M031",60,152,152,152,0,60,0,6.94]
["2025-10-01","M032",214,589,533,533,0,270,0,490.88]
["2025-10-01","M033",925,833,925,925,0,833,0,1702.76]
["2025-10-01","M034",0,1005,1109,1005,104,0,1,0]
["2025-10-01","M035",228,136,127,127,0,237,0,471.98]
["2025-10-01","M036",104,537,504,504,0,137,0,276.81]
["2025-10-01","M037",286,163,186,186,0,263,0,85.48]
["2025-10-01","M038",71,181,178,178,0,74,0,132.89]
["2025-10-01","M039",704,1088,955,955,0,837,0,563.36]
["2025-10-01","M040",658,331,316,316,0,673,0,306.42]
["2025-10-01","M041",517,266,420,420,0,363,0,843.72]
["2025-10-01","M042",1219,1135,1003,1003,0,1351,0,2025.49]
["2025-10-01","M043",0,609,529,529,0,80,0,90.15]
["2025-10-01","M044",691,902,964,964,0,629,0,1285.89]
["2025-10-01","M045",156,556,758,712,46,0,1,134.5]
["2025-10-01","M046",849,650,552,552,0,947,0,116.87]
["2025-10-01","M047",18,240,326,258,68,0,1,16.16]
["2025-10-01","M048",0,478,530,478,52,0,1,0]
["2025-10-01","M049",8,130,134,134,0,4,0,15.84]
["2025-10-01","M050",401,214,238,238,0,377,0,1012.63]
["2025-10-01","M051",180,837,835,835,0,182,0,48.9]
["2025-10-01","M052",122,331,283,283,0,170,0,107.77]
["2025-10-01","M053",432,235,257,257,0,410,0,1036.14]
["2025-10-01","M054",165,616,711,711,0,70,0,275.67]
["2025-10-01","M055",0,962,845,845,0,117,0,122.74]
["2025-10-01","M056",203,118,291,291,0,30,0,204.54]
["2025-10-01","M057",112,985,1018,1018,0,79,0,114.66]
["2025-10-01","M058",182,664,657,657,0,189,0,316.04]
["2025-10-01","M059",822,853,922,922,0,753,0,1631.54]
["2025-10-01","M060",367,296,738,663,75,0,1,280.62]
["2025-11-01","M001",61,78,91,91,0,48,0,54.88]
["2025-11-01","M002",505,1112,979,979,0,638,0,577.1]
["2025-11-01","M003",924,759,895,895,0,788,0,299.38]
["2025-11-01","M004",0,971,998,971,27,0,1,0]
["2025-11-01","M005",69,162,226,226,0,5,0,23.02]
["2025-11-01","M006",664,321,351,351,0,634,0,762.02]
["2025-11-01","M007",11,267,253,253,0,25,0,18.69]
["2025-11-01","M008",1125,1035,902,902,0,1258,0,1361.67]
["2025-11-01","M009",0,871,835,835,0,36,0,29.74]
["2025-11-01","M010",91,155,156,156,0,90,0,107.94]
["2025-11-01","M011",626,438,496,496,0,568,0,1406.65]
["2025-11-01","M012",259,1161,1123,1123,0,297,0,707.32]
["2025-11-01","M013",462,420,868,868,0,14,0,455.6]
["2025-11-01","M014",57,329,296,296,0,90,0,29.05]
["2025-11-01","M015",1492,729,744,744,0,1477,0,1338.45]
["2025-11-01","M016",97,722,638,638,0,181,0,24.74]
["2025-11-01","M017",306,220,205,205,0,321,0,827.32]
["2025-11-01","M018",525,571,702,702,0,394,0,327.86]
["2025-11-01","M019",681,744,728,728,0,697,0,1129.45]
["2025-11-01","M020",44,405,349,349,0,100,0,141.83]
["2025-11-01","M021",87,373,325,325,0,135,0,215.38]
["2025-11-01","M022",769,488,492,492,0,765,0,1398.13]
["2025-11-01","M023",918,918,957,957,0,879,0,1201.33]
["2025-11-01","M024",0,577,637,577,60,0,1,0]
["2025-11-01","M025",133,154,242,242,0,45,0,75.39]
["2025-11-01","M026",137,551,551,551,0,137,0,317.84]
["2025-11-01","M027",529,858,890,890,0,497,0,115.61]
["2025-11-01","M028",223,687,721,721,0,189,0,145.87]
["2025-11-01","M029",96,871,1007,967,40,0,1,48.6]
["2025-11-01","M030",739,599,618,618,0,720,0,1252.04]
["2025-11-01","M031",60,151,139,139,0,72,0,7.64]
["2025-11-01","M032",270,675,579,579,0,366,0,645.04]
["2025-11-01","M033",833,901,946,946,0,788,0,1570.07]
["2025-11-01","M034",0,838,722,722,0,116,0,36.92]
["2025-11-01","M035",237,170,161,161,0,246,0,490.25]
["2025-11-01","M036",137,417,440,440,0,114,0,288.29]
["2025-11-01","M037",263,225,212,212,0,276,0,83.92]
["2025-11-01","M038",74,128,123,123,0,79,0,140.22]
["2025-11-01","M039",837,1069,1033,1033,0,873,0,625.14]
["2025-11-01","M040",673,364,358,358,0,679,0,311.26]
["2025-11-01","M041",363,364,349,349,0,378,0,710.45]
["2025-11-01","M042",1351,653,687,687,0,1317,0,2102.73]
["2025-11-01","M043",80,552,610,610,0,22,0,114.94]
["2025-11-01","M044",629,856,813,813,0,672,0,1267.38]
["2025-11-01","M045",0,544,552,544,8,0,1,0]
["2025-11-01","M046",947,554,613,613,0,888,0,119.4]
["2025-11-01","M047",0,360,328,328,0,32,0,28.73]
["2025-11-01","M048",0,184,365,184,181,0,1,0]
["2025-11-01","M049",4,139,140,140,0,3,0,9.24]
["2025-11-01","M050",377,306,276,276,0,407,0,1020.44]
["2025-11-01","M051",182,708,711,711,0,179,0,48.77]
["2025-11-01","M052",170,224,214,214,0,180,0,129.18]
["2025-11-01","M053",410,320,327,327,0,403,0,1000.45]
["2025-11-01","M054",70,629,669,669,0,30,0,117.31]
["2025-11-01","M055",117,1286,1109,1109,0,294,0,431.16]
["2025-11-01","M056",30,143,284,173,111,0,1,26.34]
["2025-11-01","M057",79,1119,1015,1015,0,183,0,157.28]
["2025-11-01","M058",189,658,607,607,0,240,0,365.44]
["2025-11-01","M059",753,689,820,820,0,622,0,1424.36]
["2025-11-01","M060",0,678,955,678,277,0,1,0]
["2025-12-01","M001",48,57,91,91,0,14,0,31.21]
["2025-12-01","M002",638,448,698,698,0,388,0,518.03]
["2025-12-01","M003",788,842,919,919,0,711,0,262.13]
["2025-12-01","M004",0,694,774,694,80,0,1,0]
["2025-12-01","M005",5,266,237,237,0,34,0,12.13]
["2025-12-01","M006",634,172,356,356,0,450,0,636.38]
["2025-12-01","M007",25,237,207,207,0,55,0,41.53]
["2025-12-01","M008",1258,757,830,830,0,1185,0,1395.95]
["2025-12-01","M009",36,1111,1050,1050,0,97,0,109.87]
["2025-12-01","M010",90,145,159,159,0,76,0,98.99]
["2025-12-01","M011",568,383,352,352,0,599,0,1374.84]
["2025-12-01","M012",297,809,936,936,0,170,0,594.09]
["2025-12-01","M013",14,1050,1160,1064,96,0,1,13.4]
["2025-12-01","M014",90,350,403,403,0,37,0,25.1]
["2025-12-01","M015",1477,979,845,845,0,1611,0,1392.1]
["2025-12-01","M016",181,676,648,648,0,209,0,34.71]
["2025-12-01","M017",321,179,157,157,0,343,0,876.14]
["2025-12-01","M018",394,837,810,810,0,421,0,290.76]
["2025-12-01","M019",697,559,484,484,0,772,0,1204.04]
["2025-12-01","M020",100,391,406,406,0,85,0,182.22]
["2025-12-01","M021",135,376,320,320,0,191,0,316.29]
["2025-12-01","M022",765,765,721,721,0,809,0,1434.59]
["2025-12-01","M023",879,1035,997,997,0,917,0,1200.66]
["2025-12-01","M024",0,758,743,743,0,15,0,12.59]
["2025-12-01","M025",45,185,198,198,0,32,0,32.61]
["2025-12-01","M026",137,766,822,822,0,81,0,252.88]
["2025-12-01","M027",497,1297,1173,1173,0,621,0,125.98]
["2025-12-01","M028",189,693,967,882,85,0,1,66.92]
["2025-12-01","M029",0,750,763,750,13,0,1,0]
["2025-12-01","M030",720,546,759,759,0,507,0,1052.95]
["2025-12-01","M031",72,196,175,175,0,93,0,9.55]
["2025-12-01","M032",366,481,479,479,0,368,0,744.43]
["2025-12-01","M033",788,1090,1004,1004,0,874,0,1609.78]
["2025-12-01","M034",116,380,942,496,446,0,1,36.92]
["2025-12-01","M035",246,167,154,154,0,259,0,512.59]
["2025-12-01","M036",114,473,492,492,0,95,0,240.05]
["2025-12-01","M037",276,140,209,209,0,207,0,75.2]
["2025-12-01","M038",79,169,160,160,0,88,0,153.05]
["2025-12-01","M039",873,1245,1135,1135,0,983,0,678.52]
["2025-12-01","M040",679,396,376,376,0,699,0,317.24]
["2025-12-01","M041",378,378,416,416,0,340,0,688.4]
["2025-12-01","M042",1317,909,823,823,0,1403,0,2143.71]
["2025-12-01","M043",22,687,694,694,0,15,0,41.69]
["2025-12-01","M044",672,555,769,769,0,458,0,1100.8]
["2025-12-01","M045",0,880,760,760,0,120,0,103.46]
["2025-12-01","M046",888,297,625,625,0,560,0,94.22]
["2025-12-01","M047",32,242,280,274,6,0,1,28.73]
["2025-12-01","M048",0,359,520,359,161,0,1,0]
["2025-12-01","M049",3,169,173,172,1,0,1,3.96]
["2025-12-01","M050",407,255,233,233,0,429,0,1088.12]
["2025-12-01","M051",179,909,917,917,0,171,0,47.28]
["2025-12-01","M052",180,223,241,241,0,162,0,126.23]
["2025-12-01","M053",403,268,301,301,0,370,0,951.23]
["2025-12-01","M054",30,551,491,491,0,90,0,140.77]
["2025-12-01","M055",294,768,828,828,0,234,0,553.89]
["2025-12-01","M056",0,303,261,261,0,42,0,36.87]
["2025-12-01","M057",183,910,871,871,0,222,0,243.12]
["2025-12-01","M058",240,508,741,741,0,7,0,210.41]
["2025-12-01","M059",622,795,788,788,0,629,0,1295.91]
["2025-12-01","M060",0,666,793,666,127,0,1,0]

{"sheet":"FactPOLines","index":3,"n_rows":721,"n_cols":14,"rows_kept":721}
["POID","LineID","MaterialID","SupplierID","OrderDate","PromisedDate","ActualReceiptDate","OrderQty","UnitCostUSD","LineValueUSD","DeliveryStatus","DaysLate","DelayReason","Expedited"]
["PO00001",1,"M036","V11","2025-06-27","2025-08-08","2025-08-06",259,127.62,33053.58,"On Time",0,"No delay","No"]
["PO00002",1,"M022","V06","2025-08-12","2025-10-04","2025-10-02",461,101.27,46685.47,"On Time",0,"No delay","No"]
["PO00003",1,"M040","V10","2025-10-09","2025-11-26","2025-11-23",600,25.58,15348,"On Time",0,"No delay","No"]
["PO00004",1,"M015","V07","2025-09-27","2025-11-20","2025-11-19",697,50.09,34912.73,"On Time",0,"No delay","No"]
["PO00005",1,"M016","V07","2025-10-16","2025-10-27","2025-10-26",568,9.89,5617.52,"On Time",0,"No delay","No"]
["PO00006",1,"M005","V12","2025-05-28","2025-06-07","2025-06-25",448,34.56,15482.88,"Late >3 Days",18,"Supplier capacity","No"]
["PO00007",1,"M031","V10","2025-01-14","2025-02-06","2025-02-03",249,6.43,1601.07,"On Time",0,"No delay","No"]
["PO00008",1,"M007","V07","2025-06-16","2025-07-17","2025-07-16",348,57.68,20072.64,"On Time",0,"No delay","No"]
["PO00009",1,"M050","V08","2025-08-10","2025-09-20","2025-09-18",317,144.62,45844.54,"On Time",0,"No delay","No"]
["PO00010",1,"M007","V11","2025-05-18","2025-06-18","2025-06-17",129,57.68,7440.72,"On Time",0,"No delay","No"]
["PO00011",1,"M002","V12","2025-05-17","2025-06-20","2025-06-18",480,56.1,26928,"On Time",0,"No delay","No"]
["PO00012",1,"M026","V09","2025-01-26","2025-02-19","2025-03-07",927,128.89,119481.03,"Late >3 Days",16,"Forecast change","No"]
["PO00013",1,"M032","V08","2025-09-25","2025-11-13","2025-11-13",422,112.69,47555.18,"On Time",0,"No delay","No"]
["PO00014",1,"M001","V01","2025-05-19","2025-07-06","2025-07-06",67,55.94,3747.98,"On Time",0,"No delay","No"]
["PO00015",1,"M037","V08","2025-01-06","2025-02-23","2025-02-21",287,17.3,4965.1,"On Time",0,"No delay","No"]
["PO00016",1,"M010","V11","2025-05-27","2025-07-13","2025-07-11",84,66.26,5565.84,"On Time",0,"No delay","No"]
["PO00017",1,"M041","V07","2025-11-10","2025-12-24","2025-12-31",398,106.53,42398.94,"Late >3 Days",7,"Quality hold","Yes"]
["PO00018",1,"M026","V04","2025-04-13","2025-05-07","2025-05-06",807,128.89,104014.23,"On Time",0,"No delay","No"]
["PO00019",1,"M002","V04","2025-08-02","2025-09-05","2025-09-04",685,56.1,38428.5,"On Time",0,"No delay","No"]
["PO00020",1,"M020","V02","2025-06-25","2025-07-12","2025-07-10",252,109.44,27578.88,"On Time",0,"No delay","No"]
["PO00021",1,"M015","V04","2025-07-07","2025-08-30","2025-08-30",909,50.09,45531.81,"On Time",0,"No delay","No"]
["PO00022",1,"M028","V11","2025-05-25","2025-06-09","2025-06-07",649,39.34,25531.66,"On Time",0,"No delay","No"]
["PO00023",1,"M045","V12","2025-03-19","2025-04-01","2025-03-30",782,95.8,74915.6,"On Time",0,"No delay","No"]
["PO00024",1,"M017","V07","2025-04-17","2025-05-31","2025-05-30",233,146.61,34160.13,"On Time",0,"No delay","No"]
["PO00025",1,"M025","V04","2025-05-18","2025-06-20","2025-06-18",112,47.06,5270.72,"On Time",0,"No delay","No"]
["PO00026",1,"M018","V01","2025-11-26","2026-01-17","2026-01-14",462,39.64,18313.68,"On Time",0,"No delay","No"]
["PO00027",1,"M012","V11","2025-07-07","2025-07-17","2025-07-16",761,141.35,107567.35,"On Time",0,"No delay","No"]
["PO00028",1,"M059","V01","2025-06-11","2025-06-28","2025-06-28",701,115.1,80685.1,"On Time",0,"No delay","No"]
["PO00029",1,"M050","V07","2025-03-25","2025-05-05","2025-05-03",319,144.62,46133.78,"On Time",0,"No delay","No"]
["PO00030",1,"M031","V05","2025-05-13","2025-06-05","2025-06-03",239,6.43,1536.77,"On Time",0,"No delay","No"]
["PO00031",1,"M014","V06","2025-05-15","2025-05-26","2025-05-26",176,21.96,3864.96,"On Time",0,"No delay","No"]
["PO00032",1,"M038","V03","2025-06-28","2025-07-07","2025-07-06",203,101.83,20671.49,"On Time",0,"No delay","No"]
["PO00033",1,"M049","V04","2025-02-08","2025-03-08","2025-03-05",114,146.71,16724.94,"On Time",0,"No delay","No"]
["PO00034",1,"M015","V12","2025-08-18","2025-10-11","2025-10-16",1176,50.09,58905.84,"Late >3 Days",5,"Transit delay","No"]
["PO00035",1,"M011","V12","2025-02-24","2025-04-13","2025-04-12",316,130.9,41364.4,"On Time",0,"No delay","No"]
["PO00036",1,"M034","V08","2025-11-23","2025-12-21","2025-12-20",601,35.36,21251.36,"On Time",0,"No delay","No"]
["PO00037",1,"M005","V01","2025-09-10","2025-09-20","2025-09-18",373,34.56,12890.88,"On Time",0,"No delay","No"]
["PO00038",1,"M028","V08","2025-06-28","2025-07-13","2025-07-21",699,39.34,27498.66,"Late >3 Days",8,"Supplier capacity","Yes"]
["PO00039",1,"M051","V06","2025-05-02","2025-05-19","2025-05-17",642,15.01,9636.42,"On Time",0,"No delay","No"]
["PO00040",1,"M002","V06","2025-07-25","2025-08-28","2025-09-05",534,56.1,29957.4,"Late >3 Days",8,"Documentation","Yes"]
["PO00041",1,"M038","V12","2025-01-03","2025-01-12","2025-01-12",146,101.83,14867.18,"On Time",0,"No delay","No"]
["PO00042",1,"M009","V10","2025-02-13","2025-03-04","2025-03-22",1315,91.79,120703.85,"Late >3 Days",18,"Quality hold","Yes"]
["PO00043",1,"M013","V02","2025-01-25","2025-02-24","2025-02-24",888,106.35,94438.8,"On Time",0,"No delay","No"]
["PO00044",1,"M046","V11","2025-09-17","2025-10-28","2025-10-25",514,7.23,3716.22,"On Time",0,"No delay","No"]
["PO00045",1,"M036","V07","2025-02-17","2025-03-31","2025-03-31",701,127.62,89461.62,"On Time",0,"No delay","No"]
["PO00046",1,"M037","V03","2025-04-28","2025-06-15","2025-06-13",167,17.3,2889.1,"On Time",0,"No delay","No"]
["PO00047",1,"M049","V09","2025-07-08","2025-08-05","2025-08-03",241,146.71,35357.11,"On Time",0,"No delay","No"]
["PO00048",1,"M024","V07","2025-02-19","2025-04-12","2025-04-30",652,93.24,60792.48,"Late >3 Days",18,"Forecast change","No"]
["PO00049",1,"M004","V02","2025-10-17","2025-11-04","2025-11-03",416,137.44,57175.04,"On Time",0,"No delay","No"]
["PO00050",1,"M012","V05","2025-06-28","2025-07-08","2025-07-07",470,141.35,66434.5,"On Time",0,"No delay","No"]
["PO00051",1,"M017","V11","2025-10-19","2025-12-02","2025-12-02",95,146.61,13927.95,"On Time",0,"No delay","No"]
["PO00052",1,"M014","V11","2025-07-07","2025-07-18","2025-08-05",286,21.96,6280.56,"Late >3 Days",18,"Documentation","No"]
["PO00053",1,"M041","V02","2025-11-21","2026-01-04","2026-01-24",606,106.53,64557.18,"Late >3 Days",20,"Transit delay","No"]
["PO00054",1,"M044","V03","2025-06-08","2025-07-17","2025-07-15",1053,108.24,113976.72,"On Time",0,"No delay","No"]
["PO00055",1,"M006","V05","2025-02-09","2025-04-05","2025-04-05",672,65.23,43834.56,"On Time",0,"No delay","No"]
["PO00056",1,"M051","V01","2025-09-05","2025-09-22","2025-09-19",1012,15.01,15190.12,"On Time",0,"No delay","No"]
["PO00057",1,"M013","V12","2025-08-28","2025-09-27","2025-10-10",1457,106.35,154951.95,"Late >3 Days",13,"Documentation","Yes"]
["PO00058",1,"M022","V09","2025-06-21","2025-08-13","2025-08-11",857,101.27,86788.39,"On Time",0,"No delay","No"]
["PO00059",1,"M004","V11","2025-08-04","2025-08-22","2025-08-22",886,137.44,121771.84,"On Time",0,"No delay","No"]
["PO00060",1,"M019","V01","2025-07-30","2025-09-03","2025-09-01",407,91.07,37065.49,"On Time",0,"No delay","No"]
["PO00061",1,"M014","V09","2025-04-01","2025-04-12","2025-04-11",195,21.96,4282.2,"On Time",0,"No delay","No"]
["PO00062",1,"M013","V02","2025-09-10","2025-10-10","2025-10-10",1313,106.35,139637.55,"On Time",0,"No delay","No"]
["PO00063",1,"M012","V03","2025-10-23","2025-11-02","2025-11-01",1165,141.35,164672.75,"On Time",0,"No delay","No"]
["PO00064",1,"M030","V12","2025-08-02","2025-08-25","2025-08-24",886,95.35,84480.1,"On Time",0,"No delay","No"]
["PO00065",1,"M048","V03","2025-07-06","2025-08-14","2025-08-18",578,10.87,6282.86,"Late >3 Days",4,"Documentation","No"]
["PO00066",1,"M021","V11","2025-01-28","2025-02-12","2025-02-11",437,107.8,47108.6,"On Time",0,"No delay","No"]
["PO00067",1,"M042","V12","2025-01-25","2025-03-17","2025-03-16",556,87.57,48688.92,"On Time",0,"No delay","No"]
["PO00068",1,"M041","V11","2025-11-23","2026-01-06","2026-01-05",480,106.53,51134.4,"On Time",0,"No delay","No"]
["PO00069",1,"M032","V05","2025-02-02","2025-03-23","2025-03-21",483,112.69,54429.27,"On Time",0,"No delay","No"]
["PO00070",1,"M002","V04","2025-01-15","2025-02-18","2025-02-15",426,56.1,23898.6,"On Time",0,"No delay","No"]
["PO00071",1,"M050","V07","2025-11-01","2025-12-12","2025-12-10",332,144.62,48013.84,"On Time",0,"No delay","No"]
["PO00072",1,"M023","V06","2025-09-27","2025-11-06","2025-11-04",1485,74.28,110305.8,"On Time",0,"No delay","No"]
["PO00073",1,"M015","V02","2025-06-22","2025-08-15","2025-08-13",1183,50.09,59256.47,"On Time",0,"No delay","No"]
["PO00074",1,"M046","V10","2025-06-02","2025-07-13","2025-07-30",794,7.23,5740.62,"Late >3 Days",17,"Documentation","Yes"]
["PO00075",1,"M049","V11","2025-09-26","2025-10-24","2025-10-23",182,146.71,26701.22,"On Time",0,"No delay","No"]
["PO00076",1,"M040","V10","2025-03-26","2025-05-13","2025-05-12",546,25.58,13966.68,"On Time",0,"No delay","No"]
["PO00077",1,"M009","V04","2025-09-01","2025-09-20","2025-09-18",565,91.79,51861.35,"On Time",0,"No delay","No"]
["PO00078",1,"M007","V04","2025-09-11","2025-10-12","2025-10-12",128,57.68,7383.04,"On Time",0,"No delay","No"]
["PO00079",1,"M006","V04","2025-05-20","2025-07-14","2025-07-12",595,65.23,38811.85,"On Time",0,"No delay","No"]
["PO00080",1,"M022","V08","2025-08-05","2025-09-27","2025-09-25",985,101.27,99750.95,"On Time",0,"No delay","No"]
["PO00081",1,"M014","V07","2025-05-25","2025-06-05","2025-06-03",337,21.96,7400.52,"On Time",0,"No delay","No"]
["PO00082",1,"M033","V07","2025-06-09","2025-07-12","2025-08-02",1329,107.62,143026.98,"Late >3 Days",21,"Forecast change","Yes"]
["PO00083",1,"M045","V02","2025-06-06","2025-06-19","2025-06-28",755,95.8,72329,"Late >3 Days",9,"Forecast change","Yes"]
["PO00084",1,"M021","V02","2025-07-14","2025-07-29","2025-07-28",415,107.8,44737,"On Time",0,"No delay","No"]
["PO00085",1,"M026","V07","2025-09-02","2025-09-26","2025-10-05",928,128.89,119609.92,"Late >3 Days",9,"Supplier capacity","No"]
["PO00086",1,"M041","V01","2025-05-26","2025-07-09","2025-07-08",302,106.53,32172.06,"On Time",0,"No delay","No"]
["PO00087",1,"M017","V12","2025-09-17","2025-10-31","2025-10-30",218,146.61,31960.98,"On Time",0,"No delay","No"]
["PO00088",1,"M017","V01","2025-09-25","2025-11-08","2025-11-19",127,146.61,18619.47,"Late >3 Days",11,"Supplier capacity","No"]
["PO00089",1,"M019","V02","2025-09-14","2025-10-19","2025-10-18",878,91.07,79959.46,"On Time",0,"No delay","No"]
["PO00090",1,"M049","V09","2025-06-05","2025-07-03","2025-07-16",84,146.71,12323.64,"Late >3 Days",13,"Transit delay","Yes"]
["PO00091",1,"M007","V01","2025-03-22","2025-04-22","2025-04-20",187,57.68,10786.16,"On Time",0,"No delay","No"]
["PO00092",1,"M043","V04","2025-08-02","2025-08-29","2025-08-28",574,125.21,71870.54,"On Time",0,"No delay","No"]
["PO00093",1,"M009","V05","2025-08-02","2025-08-21","2025-08-19",855,91.79,78480.45,"On Time",0,"No delay","No"]
["PO00094",1,"M047","V01","2025-01-06","2025-01-16","2025-01-14",357,99.77,35617.89,"On Time",0,"No delay","No"]
["PO00095",1,"M040","V05","2025-10-04","2025-11-21","2025-11-21",521,25.58,13327.18,"On Time",0,"No delay","No"]
["PO00096",1,"M050","V07","2025-07-23","2025-09-02","2025-08-30",276,144.62,39915.12,"On Time",0,"No delay","No"]
["PO00097",1,"M059","V12","2025-11-19","2025-12-06","2025-12-04",1302,115.1,149860.2,"On Time",0,"No delay","No"]
["PO00098",1,"M034","V06","2025-10-09","2025-11-06","2025-11-03",664,35.36,23479.04,"On Time",0,"No delay","No"]
["PO00099",1,"M028","V05","2025-11-14","2025-11-29","2025-11-27",790,39.34,31078.6,"On Time",0,"No delay","No"]
["PO00100",1,"M036","V09","2025-05-04","2025-06-15","2025-06-14",801,127.62,102223.62,"On Time",0,"No delay","No"]
["PO00101",1,"M041","V03","2025-11-13","2025-12-27","2025-12-24",596,106.53,63491.88,"On Time",0,"No delay","No"]
["PO00102",1,"M060","V11","2025-10-06","2025-10-15","2025-10-14",878,84.96,74594.88,"On Time",0,"No delay","No"]
["PO00103",1,"M004","V04","2025-03-05","2025-03-23","2025-03-23",695,137.44,95520.8,"On Time",0,"No delay","No"]
["PO00104",1,"M005","V04","2025-07-15","2025-07-25","2025-08-14",396,34.56,13685.76,"Late >3 Days",20,"Documentation","Yes"]
["PO00105",1,"M003","V02","2025-06-13","2025-07-24","2025-07-23",912,19.43,17720.16,"On Time",0,"No delay","No"]
["PO00106",1,"M016","V06","2025-03-24","2025-04-04","2025-04-04",329,9.89,3253.81,"On Time",0,"No delay","No"]
["PO00107",1,"M038","V03","2025-08-26","2025-09-04","2025-09-01",115,101.83,11710.45,"On Time",0,"No delay","No"]
["PO00108",1,"M047","V12","2025-03-18","2025-03-28","2025-03-25",205,99.77,20452.85,"On Time",0,"No delay","No"]
["PO00109",1,"M026","V06","2025-07-28","2025-08-21","2025-08-18",701,128.89,90351.89,"On Time",0,"No delay","No"]
["PO00110",1,"M019","V03","2025-07-08","2025-08-12","2025-08-14",754,91.07,68666.78,"Late 1-3 Days",2,"Transit delay","No"]
["PO00111",1,"M049","V04","2025-06-24","2025-07-22","2025-07-21",77,146.71,11296.67,"On Time",0,"No delay","No"]
["PO00112",1,"M047","V04","2025-02-16","2025-02-26","2025-02-26",469,99.77,46792.13,"On Time",0,"No delay","No"]
["PO00113",1,"M005","V04","2025-05-15","2025-05-25","2025-05-23",419,34.56,14480.64,"On Time",0,"No delay","No"]
["PO00114",1,"M029","V04","2025-07-13","2025-08-26","2025-08-24",472,56.25,26550,"On Time",0,"No delay","No"]
["PO00115",1,"M051","V07","2025-09-06","2025-09-23","2025-09-22",708,15.01,10627.08,"On Time",0,"No delay","No"]
["PO00116",1,"M054","V12","2025-03-06","2025-04-04","2025-04-17",805,130.34,104923.7,"Late >3 Days",13,"Forecast change","No"]
["PO00117",1,"M001","V08","2025-05-04","2025-06-21","2025-06-20",79,55.94,4419.26,"On Time",0,"No delay","No"]
["PO00118",1,"M019","V08","2025-03-03","2025-04-07","2025-04-06",463,91.07,42165.41,"On Time",0,"No delay","No"]
["PO00119",1,"M038","V11","2025-03-28","2025-04-06","2025-04-18",197,101.83,20060.51,"Late >3 Days",12,"Documentation","Yes"]
["PO00120",1,"M020","V06","2025-06-22","2025-07-09","2025-07-08",424,109.44,46402.56,"On Time",0,"No delay","No"]
["PO00121",1,"M023","V05","2025-11-13","2025-12-23","2025-12-22",1229,74.28,91290.12,"On Time",0,"No delay","No"]
["PO00122",1,"M056","V01","2025-07-17","2025-08-26","2025-08-25",137,97.54,13362.98,"On Time",0,"No delay","No"]
["PO00123",1,"M042","V01","2025-08-06","2025-09-26","2025-09-26",439,87.57,38443.23,"On Time",0,"No delay","No"]
["PO00124",1,"M017","V02","2025-09-21","2025-11-04","2025-11-03",134,146.61,19645.74,"On Time",0,"No delay","No"]
["PO00125",1,"M026","V05","2025-10-18","2025-11-11","2025-11-09",982,128.89,126569.98,"On Time",0,"No delay","No"]
["PO00126",1,"M053","V01","2025-07-28","2025-09-03","2025-09-03",168,136.73,22970.64,"On Time",0,"No delay","No"]
["PO00127",1,"M018","V10","2025-02-21","2025-04-14","2025-04-12",644,39.64,25528.16,"On Time",0,"No delay","No"]
["PO00128",1,"M047","V07","2025-02-22","2025-03-04","2025-03-04",307,99.77,30629.39,"On Time",0,"No delay","No"]
["PO00129",1,"M028","V12","2025-03-19","2025-04-03","2025-04-02",634,39.34,24941.56,"On Time",0,"No delay","No"]
["PO00130",1,"M026","V02","2025-07-08","2025-08-01","2025-08-04",891,128.89,114840.99,"Late 1-3 Days",3,"Transit delay","No"]
["PO00131",1,"M002","V09","2025-07-25","2025-08-28","2025-08-25",913,56.1,51219.3,"On Time",0,"No delay","No"]
["PO00132",1,"M048","V04","2025-11-20","2025-12-29","2025-12-28",662,10.87,7195.94,"On Time",0,"No delay","No"]
["PO00133",1,"M025","V11","2025-06-21","2025-07-24","2025-07-24",291,47.06,13694.46,"On Time",0,"No delay","No"]
["PO00134",1,"M055","V02","2025-06-13","2025-06-23","2025-06-22",1132,116.56,131945.92,"On Time",0,"No delay","No"]
["PO00135",1,"M038","V11","2025-10-17","2025-10-26","2025-10-25",88,101.83,8961.04,"On Time",0,"No delay","No"]
["PO00136",1,"M027","V04","2025-05-14","2025-06-24","2025-06-23",1593,12.52,19944.36,"On Time",0,"No delay","No"]
["PO00137",1,"M032","V02","2025-10-04","2025-11-22","2025-11-20",851,112.69,95899.19,"On Time",0,"No delay","No"]
["PO00138",1,"M038","V05","2025-01-28","2025-02-06","2025-02-27",181,101.83,18431.23,"Late >3 Days",21,"Forecast change","Yes"]
["PO00139",1,"M033","V05","2025-08-25","2025-09-27","2025-09-26",909,107.62,97826.58,"On Time",0,"No delay","No"]
["PO00140",1,"M010","V07","2025-02-16","2025-04-04","2025-04-02",217,66.26,14378.42,"On Time",0,"No delay","No"]
["PO00141",1,"M004","V12","2025-08-20","2025-09-07","2025-09-18",535,137.44,73530.4,"Late >3 Days",11,"Transit delay","No"]
["PO00142",1,"M023","V03","2025-11-14","2025-12-24","2025-12-23",1423,74.28,105700.44,"On Time",0,"No delay","No"]
["PO00143",1,"M016","V05","2025-04-13","2025-04-24","2025-04-22",611,9.89,6042.79,"On Time",0,"No delay","No"]
["PO00144",1,"M022","V01","2025-06-04","2025-07-27","2025-07-26",377,101.27,38178.79,"On Time",0,"No delay","No"]
["PO00145",1,"M010","V10","2025-07-19","2025-09-04","2025-09-03",82,66.26,5433.32,"On Time",0,"No delay","No"]
["PO00146",1,"M023","V10","2025-01-25","2025-03-06","2025-03-05",1263,74.28,93815.64,"On Time",0,"No delay","No"]
["PO00147",1,"M001","V03","2025-04-19","2025-06-06","2025-06-03",43,55.94,2405.42,"On Time",0,"No delay","No"]
["PO00148",1,"M021","V10","2025-01-30","2025-02-14","2025-02-13",387,107.8,41718.6,"On Time",0,"No delay","No"]
["PO00149",1,"M015","V03","2025-11-07","2025-12-31","2025-12-30",688,50.09,34461.92,"On Time",0,"No delay","No"]
["PO00150",1,"M053","V10","2025-11-11","2025-12-18","2025-12-18",292,136.73,39925.16,"On Time",0,"No delay","No"]
["PO00151",1,"M055","V10","2025-06-07","2025-06-17","2025-06-22",748,116.56,87186.88,"Late >3 Days",5,"Supplier capacity","No"]
["PO00152",1,"M012","V06","2025-10-23","2025-11-02","2025-11-01",971,141.35,137250.85,"On Time",0,"No delay","No"]
["PO00153",1,"M037","V10","2025-04-15","2025-06-02","2025-06-01",281,17.3,4861.3,"On Time",0,"No delay","No"]
["PO00154",1,"M043","V10","2025-09-14","2025-10-11","2025-10-10",536,125.21,67112.56,"On Time",0,"No delay","No"]
["PO00155",1,"M022","V03","2025-06-05","2025-07-28","2025-07-26",538,101.27,54483.26,"On Time",0,"No delay","No"]
["PO00156",1,"M025","V08","2025-10-04","2025-11-06","2025-11-04",106,47.06,4988.36,"On Time",0,"No delay","No"]
["PO00157",1,"M045","V03","2025-03-20","2025-04-02","2025-04-02",578,95.8,55372.4,"On Time",0,"No delay","No"]
["PO00158",1,"M024","V11","2025-05-16","2025-07-07","2025-07-07",695,93.24,64801.8,"On Time",0,"No delay","No"]
["PO00159",1,"M020","V03","2025-02-04","2025-02-21","2025-02-19",428,109.44,46840.32,"On Time",0,"No delay","No"]
["PO00160",1,"M030","V09","2025-03-20","2025-04-12","2025-04-29",298,95.35,28414.3,"Late >3 Days",17,"Documentation","Yes"]
["PO00161",1,"M059","V05","2025-08-14","2025-08-31","2025-08-30",578,115.1,66527.8,"On Time",0,"No delay","No"]
["PO00162",1,"M056","V06","2025-07-30","2025-09-08","2025-09-08",237,97.54,23116.98,"On Time",0,"No delay","No"]
["PO00163",1,"M001","V09","2025-09-05","2025-10-23","2025-10-20",71,55.94,3971.74,"On Time",0,"No delay","No"]
["PO00164",1,"M038","V04","2025-10-07","2025-10-16","2025-10-15",180,101.83,18329.4,"On Time",0,"No delay","No"]
["PO00165",1,"M022","V12","2025-09-12","2025-11-04","2025-11-10",791,101.27,80104.57,"Late >3 Days",6,"Quality hold","Yes"]
["PO00166",1,"M017","V03","2025-05-30","2025-07-13","2025-07-12",210,146.61,30788.1,"On Time",0,"No delay","No"]
["PO00167",1,"M001","V02","2025-09-14","2025-11-01","2025-10-30",142,55.94,7943.48,"On Time",0,"No delay","No"]
["PO00168",1,"M017","V05","2025-05-01","2025-06-14","2025-06-12",181,146.61,26536.41,"On Time",0,"No delay","No"]
["PO00169",1,"M032","V02","2025-01-14","2025-03-04","2025-03-12",592,112.69,66712.48,"Late >3 Days",8,"Transit delay","Yes"]
["PO00170",1,"M053","V06","2025-11-18","2025-12-25","2025-12-24",420,136.73,57426.6,"On Time",0,"No delay","No"]
["PO00171",1,"M024","V06","2025-10-21","2025-12-12","2025-12-11",1006,93.24,93799.44,"On Time",0,"No delay","No"]
["PO00172",1,"M006","V03","2025-07-04","2025-08-28","2025-08-27",653,65.23,42595.19,"On Time",0,"No delay","No"]
["PO00173",1,"M002","V02","2025-05-08","2025-06-11","2025-06-10",581,56.1,32594.1,"On Time",0,"No delay","No"]
["PO00174",1,"M050","V11","2025-01-15","2025-02-25","2025-02-23",309,144.62,44687.58,"On Time",0,"No delay","No"]
["PO00175",1,"M045","V01","2025-07-08","2025-07-21","2025-07-21",1040,95.8,99632,"On Time",0,"No delay","No"]
["PO00176",1,"M027","V08","2025-05-24","2025-07-04","2025-07-03",1588,12.52,19881.76,"On Time",0,"No delay","No"]
["PO00177",1,"M047","V07","2025-03-02","2025-03-12","2025-03-22",155,99.77,15464.35,"Late >3 Days",10,"Documentation","Yes"]
["PO00178",1,"M053","V06","2025-04-22","2025-05-29","2025-05-28",426,136.73,58246.98,"On Time",0,"No delay","No"]
["PO00179",1,"M060","V04","2025-06-11","2025-06-20","2025-06-17",592,84.96,50296.32,"On Time",0,"No delay","No"]
["PO00180",1,"M037","V09","2025-01-21","2025-03-10","2025-03-09",265,17.3,4584.5,"On Time",0,"No delay","No"]
["PO00181",1,"M040","V08","2025-06-22","2025-08-09","2025-08-06",485,25.58,12406.3,"On Time",0,"No delay","No"]
["PO00182",1,"M052","V04","2025-02-18","2025-03-20","2025-03-19",344,41.01,14107.44,"On Time",0,"No delay","No"]
["PO00183",1,"M046","V09","2025-03-26","2025-05-06","2025-05-06",370,7.23,2675.1,"On Time",0,"No delay","No"]
["PO00184",1,"M052","V02","2025-02-15","2025-03-17","2025-03-16",332,41.01,13615.32,"On Time",0,"No delay","No"]
["PO00185",1,"M053","V07","2025-01-04","2025-02-10","2025-02-08",131,136.73,17911.63,"On Time",0,"No delay","No"]
["PO00186",1,"M005","V02","2025-04-13","2025-04-23","2025-04-21",148,34.56,5114.88,"On Time",0,"No delay","No"]
["PO00187",1,"M020","V01","2025-10-04","2025-10-21","2025-10-19",306,109.44,33488.64,"On Time",0,"No delay","No"]
["PO00188",1,"M033","V10","2025-09-06","2025-10-09","2025-10-08",915,107.62,98472.3,"On Time",0,"No delay","No"]
["PO00189",1,"M004","V09","2025-09-25","2025-10-13","2025-10-10",874,137.44,120122.56,"On Time",0,"No delay","No"]
["PO00190",1,"M033","V08","2025-06-23","2025-07-26","2025-08-05",1180,107.62,126991.6,"Late >3 Days",10,"Documentation","No"]
["PO00191",1,"M048","V04","2025-02-22","2025-04-02","2025-04-01",419,10.87,4554.53,"On Time",0,"No delay","No"]
["PO00192",1,"M046","V01","2025-03-20","2025-04-30","2025-04-28",654,7.23,4728.42,"On Time",0,"No delay","No"]
["PO00193",1,"M015","V01","2025-03-19","2025-05-12","2025-05-31",862,50.09,43177.58,"Late >3 Days",19,"Documentation","Yes"]
["PO00194",1,"M004","V06","2025-11-08","2025-11-26","2025-11-24",1007,137.44,138402.08,"On Time",0,"No delay","No"]
["PO00195",1,"M047","V07","2025-09-09","2025-09-19","2025-09-18",429,99.77,42801.33,"On Time",0,"No delay","No"]
["PO00196",1,"M029","V01","2025-04-20","2025-06-03","2025-06-02",1267,56.25,71268.75,"On Time",0,"No delay","No"]
["PO00197",1,"M013","V08","2025-10-15","2025-11-14","2025-11-13",839,106.35,89227.65,"On Time",0,"No delay","No"]
["PO00198",1,"M051","V01","2025-07-28","2025-08-14","2025-08-12",348,15.01,5223.48,"On Time",0,"No delay","No"]
["PO00199",1,"M031","V11","2025-06-16","2025-07-09","2025-07-09",179,6.43,1150.97,"On Time",0,"No delay","No"]
["PO00200",1,"M033","V10","2025-04-22","2025-05-25","2025-05-23",709,107.62,76302.58,"On Time",0,"No delay","No"]
["PO00201",1,"M030","V01","2025-11-02","2025-11-25","2025-11-24",1031,95.35,98305.85,"On Time",0,"No delay","No"]
["PO00202",1,"M015","V12","2025-03-31","2025-05-24","2025-05-22",716,50.09,35864.44,"On Time",0,"No delay","No"]
["PO00203",1,"M025","V03","2025-04-25","2025-05-28","2025-05-26",205,47.06,9647.3,"On Time",0,"No delay","No"]
["PO00204",1,"M027","V10","2025-07-13","2025-08-23","2025-08-23",1635,12.52,20470.2,"On Time",0,"No delay","No"]
["PO00205",1,"M052","V10","2025-11-01","2025-12-01","2025-11-28",163,41.01,6684.63,"On Time",0,"No delay","No"]
["PO00206",1,"M052","V11","2025-07-16","2025-08-15","2025-08-13",341,41.01,13984.41,"On Time",0,"No delay","No"]
["PO00207",1,"M010","V09","2025-10-19","2025-12-05","2025-12-04",131,66.26,8680.06,"On Time",0,"No delay","No"]
["PO00208",1,"M025","V11","2025-01-14","2025-02-16","2025-02-23",198,47.06,9317.88,"Late >3 Days",7,"Transit delay","Yes"]
["PO00209",1,"M002","V11","2025-10-30","2025-12-03","2025-12-01",1092,56.1,61261.2,"On Time",0,"No delay","No"]
["PO00210",1,"M048","V09","2025-02-01","2025-03-12","2025-03-09",567,10.87,6163.29,"On Time",0,"No delay","No"]
["PO00211",1,"M008","V10","2025-06-25","2025-07-27","2025-07-26",472,63.49,29967.28,"On Time",0,"No delay","No"]
["PO00212",1,"M004","V11","2025-07-22","2025-08-09","2025-08-06",831,137.44,114212.64,"On Time",0,"No delay","No"]
["PO00213",1,"M015","V11","2025-06-18","2025-08-11","2025-08-09",443,50.09,22189.87,"On Time",0,"No delay","No"]
["PO00214",1,"M039","V02","2025-06-21","2025-08-11","2025-08-09",570,40.62,23153.4,"On Time",0,"No delay","No"]
["PO00215",1,"M036","V10","2025-09-05","2025-10-17","2025-10-29",439,127.62,56025.18,"Late >3 Days",12,"Forecast change","No"]
["PO00216",1,"M026","V08","2025-06-06","2025-06-30","2025-06-28",537,128.89,69213.93,"On Time",0,"No delay","No"]
["PO00217",1,"M044","V04","2025-08-06","2025-09-14","2025-09-30",1146,108.24,124043.04,"Late >3 Days",16,"Quality hold","No"]
["PO00218",1,"M056","V06","2025-11-08","2025-12-18","2025-12-16",225,97.54,21946.5,"On Time",0,"No delay","No"]
["PO00219",1,"M043","V03","2025-09-06","2025-10-03","2025-10-13",427,125.21,53464.67,"Late >3 Days",10,"Quality hold","Yes"]
["PO00220",1,"M002","V04","2025-10-31","2025-12-04","2025-12-03",1095,56.1,61429.5,"On Time",0,"No delay","No"]
["PO00221",1,"M044","V04","2025-09-06","2025-10-15","2025-10-14",1206,108.24,130537.44,"On Time",0,"No delay","No"]
["PO00222",1,"M016","V07","2025-01-04","2025-01-15","2025-01-14",1122,9.89,11096.58,"On Time",0,"No delay","No"]
["PO00223",1,"M017","V11","2025-04-18","2025-06-01","2025-05-29",154,146.61,22577.94,"On Time",0,"No delay","No"]
["PO00224",1,"M006","V04","2025-11-07","2026-01-01","2025-12-31",293,65.23,19112.39,"On Time",0,"No delay","No"]
["PO00225",1,"M045","V11","2025-07-09","2025-07-22","2025-08-01",440,95.8,42152,"Late >3 Days",10,"Forecast change","Yes"]
["PO00226",1,"M045","V09","2025-03-12","2025-03-25","2025-03-24",326,95.8,31230.8,"On Time",0,"No delay","No"]
["PO00227",1,"M042","V06","2025-06-10","2025-07-31","2025-07-30",790,87.57,69180.3,"On Time",0,"No delay","No"]
["PO00228",1,"M028","V11","2025-04-19","2025-05-04","2025-05-02",662,39.34,26043.08,"On Time",0,"No delay","No"]
["PO00229",1,"M057","V04","2025-09-04","2025-09-19","2025-09-27",483,66.7,32216.1,"Late >3 Days",8,"Documentation","No"]
["PO00230",1,"M028","V09","2025-06-01","2025-06-16","2025-06-28",450,39.34,17703,"Late >3 Days",12,"Supplier capacity","No"]
["PO00231",1,"M028","V06","2025-04-13","2025-04-28","2025-04-27",1038,39.34,40834.92,"On Time",0,"No delay","No"]
["PO00232",1,"M036","V08","2025-07-04","2025-08-15","2025-08-22",449,127.62,57301.38,"Late >3 Days",7,"Supplier capacity","No"]
["PO00233",1,"M007","V01","2025-04-19","2025-05-20","2025-05-17",217,57.68,12516.56,"On Time",0,"No delay","No"]
["PO00234",1,"M025","V08","2025-03-03","2025-04-05","2025-04-04",234,47.06,11012.04,"On Time",0,"No delay","No"]
["PO00235",1,"M057","V11","2025-07-17","2025-08-01","2025-07-30",767,66.7,51158.9,"On Time",0,"No delay","No"]
["PO00236",1,"M040","V09","2025-11-05","2025-12-23","2025-12-23",659,25.58,16857.22,"On Time",0,"No delay","No"]
["PO00237",1,"M025","V09","2025-01-17","2025-02-19","2025-02-18",327,47.06,15388.62,"On Time",0,"No delay","No"]
["PO00238",1,"M005","V04","2025-11-16","2025-11-26","2025-11-26",363,34.56,12545.28,"On Time",0,"No delay","No"]
["PO00239",1,"M053","V03","2025-08-11","2025-09-17","2025-09-14",355,136.73,48539.15,"On Time",0,"No delay","No"]
["PO00240",1,"M043","V03","2025-09-08","2025-10-05","2025-10-03",748,125.21,93657.08,"On Time",0,"No delay","No"]
["PO00241",1,"M058","V12","2025-09-09","2025-10-13","2025-10-11",910,94.65,86131.5,"On Time",0,"No delay","No"]
["PO00242",1,"M043","V10","2025-07-31","2025-08-27","2025-08-27",388,125.21,48581.48,"On Time",0,"No delay","No"]
["PO00243",1,"M019","V03","2025-07-06","2025-08-10","2025-08-29",801,91.07,72947.07,"Late >3 Days",19,"Forecast change","Yes"]
["PO00244",1,"M001","V12","2025-02-23","2025-04-12","2025-04-10",143,55.94,7999.42,"On Time",0,"No delay","No"]
["PO00245",1,"M059","V02","2025-08-10","2025-08-27","2025-08-25",1130,115.1,130063,"On Time",0,"No delay","No"]
["PO00246",1,"M020","V06","2025-06-10","2025-06-27","2025-06-25",267,109.44,29220.48,"On Time",0,"No delay","No"]
["PO00247",1,"M020","V05","2025-08-07","2025-08-24","2025-09-12",414,109.44,45308.16,"Late >3 Days",19,"Transit delay","Yes"]
["PO00248",1,"M008","V10","2025-08-17","2025-09-18","2025-09-16",642,63.49,40760.58,"On Time",0,"No delay","No"]
["PO00249",1,"M023","V03","2025-11-13","2025-12-23","2025-12-23",1275,74.28,94707,"On Time",0,"No delay","No"]
["PO00250",1,"M023","V11","2025-04-19","2025-05-29","2025-05-28",496,74.28,36842.88,"On Time",0,"No delay","No"]
["PO00251",1,"M048","V07","2025-04-11","2025-05-20","2025-05-19",482,10.87,5239.34,"On Time",0,"No delay","No"]
["PO00252",1,"M018","V04","2025-06-02","2025-07-24","2025-07-23",594,39.64,23546.16,"On Time",0,"No delay","No"]
["PO00253",1,"M029","V09","2025-11-04","2025-12-18","2025-12-17",1319,56.25,74193.75,"On Time",0,"No delay","No"]
["PO00254",1,"M052","V08","2025-04-27","2025-05-27","2025-05-27",132,41.01,5413.32,"On Time",0,"No delay","No"]
["PO00255",1,"M012","V05","2025-06-27","2025-07-07","2025-07-06",624,141.35,88202.4,"On Time",0,"No delay","No"]
["PO00256",1,"M011","V12","2025-08-10","2025-09-27","2025-09-26",430,130.9,56287,"On Time",0,"No delay","No"]
["PO00257",1,"M017","V02","2025-11-18","2026-01-01","2025-12-30",220,146.61,32254.2,"On Time",0,"No delay","No"]
["PO00258",1,"M039","V04","2025-04-01","2025-05-22","2025-05-20",1014,40.62,41188.68,"On Time",0,"No delay","No"]
["PO00259",1,"M002","V07","2025-05-02","2025-06-05","2025-06-21",1049,56.1,58848.9,"Late >3 Days",16,"Documentation","No"]
["PO00260",1,"M038","V02","2025-04-18","2025-04-27","2025-04-24",176,101.83,17922.08,"On Time",0,"No delay","No"]
["PO00261",1,"M026","V07","2025-05-08","2025-06-01","2025-05-29",659,128.89,84938.51,"On Time",0,"No delay","No"]
["PO00262",1,"M059","V08","2025-08-29","2025-09-15","2025-09-13",702,115.1,80800.2,"On Time",0,"No delay","No"]
["PO00263",1,"M047","V06","2025-01-30","2025-02-09","2025-02-08",154,99.77,15364.58,"On Time",0,"No delay","No"]
["PO00264",1,"M055","V07","2025-09-10","2025-09-20","2025-10-04",915,116.56,106652.4,"Late >3 Days",14,"Quality hold","Yes"]
["PO00265",1,"M045","V02","2025-10-20","2025-11-02","2025-10-31",659,95.8,63132.2,"On Time",0,"No delay","No"]
["PO00266",1,"M027","V06","2025-06-18","2025-07-29","2025-07-27",1222,12.52,15299.44,"On Time",0,"No delay","No"]
["PO00267",1,"M057","V06","2025-11-08","2025-11-23","2025-11-28",1253,66.7,83575.1,"Late >3 Days",5,"Quality hold","No"]
["PO00268",1,"M044","V12","2025-03-07","2025-04-15","2025-04-27",946,108.24,102395.04,"Late >3 Days",12,"Forecast change","Yes"]
["PO00269",1,"M026","V08","2025-07-31","2025-08-24","2025-08-23",781,128.89,100663.09,"On Time",0,"No delay","No"]
["PO00270",1,"M057","V08","2025-04-23","2025-05-08","2025-05-08",1274,66.7,84975.8,"On Time",0,"No delay","No"]
["PO00271",1,"M008","V10","2025-03-19","2025-04-20","2025-04-19",540,63.49,34284.6,"On Time",0,"No delay","No"]
["PO00272",1,"M020","V01","2025-04-13","2025-04-30","2025-04-29",242,109.44,26484.48,"On Time",0,"No delay","No"]
["PO00273",1,"M033","V09","2025-10-28","2025-11-30","2025-11-27",523,107.62,56285.26,"On Time",0,"No delay","No"]
["PO00274",1,"M042","V08","2025-03-07","2025-04-27","2025-04-26",875,87.57,76623.75,"On Time",0,"No delay","No"]
["PO00275",1,"M018","V09","2025-06-03","2025-07-25","2025-07-24",1260,39.64,49946.4,"On Time",0,"No delay","No"]
["PO00276",1,"M045","V01","2025-07-31","2025-08-13","2025-08-12",367,95.8,35158.6,"On Time",0,"No delay","No"]
["PO00277",1,"M039","V01","2025-11-16","2026-01-06","2026-01-03",450,40.62,18279,"On Time",0,"No delay","No"]
["PO00278",1,"M019","V04","2025-10-27","2025-12-01","2025-11-28",287,91.07,26137.09,"On Time",0,"No delay","No"]
["PO00279",1,"M007","V08","2025-11-14","2025-12-15","2026-01-03",126,57.68,7267.68,"Late >3 Days",19,"Quality hold","No"]
["PO00280",1,"M032","V06","2025-11-02","2025-12-21","2025-12-19",578,112.69,65134.82,"On Time",0,"No delay","No"]
["PO00281",1,"M048","V08","2025-09-25","2025-11-03","2025-11-02",392,10.87,4261.04,"On Time",0,"No delay","No"]
["PO00282",1,"M040","V05","2025-03-07","2025-04-24","2025-04-22",358,25.58,9157.64,"On Time",0,"No delay","No"]
["PO00283",1,"M007","V12","2025-03-09","2025-04-09","2025-04-07",203,57.68,11709.04,"On Time",0,"No delay","No"]
["PO00284",1,"M019","V10","2025-09-21","2025-10-26","2025-10-23",703,91.07,64022.21,"On Time",0,"No delay","No"]
["PO00285",1,"M046","V03","2025-08-28","2025-10-08","2025-10-05",329,7.23,2378.67,"On Time",0,"No delay","No"]
["PO00286",1,"M052","V05","2025-06-17","2025-07-17","2025-07-17",289,41.01,11851.89,"On Time",0,"No delay","No"]
["PO00287",1,"M033","V06","2025-05-25","2025-06-27","2025-06-24",1148,107.62,123547.76,"On Time",0,"No delay","No"]
["PO00288",1,"M020","V06","2025-09-23","2025-10-10","2025-10-09",234,109.44,25608.96,"On Time",0,"No delay","No"]
["PO00289",1,"M034","V06","2025-08-20","2025-09-17","2025-09-16",478,35.36,16902.08,"On Time",0,"No delay","No"]
["PO00290",1,"M019","V04","2025-11-12","2025-12-17","2025-12-15",367,91.07,33422.69,"On Time",0,"No delay","No"]
["PO00291",1,"M015","V12","2025-10-12","2025-12-05","2025-12-03",898,50.09,44980.82,"On Time",0,"No delay","No"]
["PO00292",1,"M054","V03","2025-07-04","2025-08-02","2025-08-04",628,130.34,81853.52,"Late 1-3 Days",2,"Supplier capacity","No"]
["PO00293",1,"M031","V06","2025-04-18","2025-05-11","2025-05-08",168,6.43,1080.24,"On Time",0,"No delay","No"]
["PO00294",1,"M034","V05","2025-07-17","2025-08-14","2025-09-04",942,35.36,33309.12,"Late >3 Days",21,"Supplier capacity","No"]
["PO00295",1,"M045","V02","2025-11-08","2025-11-21","2025-11-19",459,95.8,43972.2,"On Time",0,"No delay","No"]
["PO00296",1,"M006","V07","2025-09-11","2025-11-05","2025-11-05",689,65.23,44943.47,"On Time",0,"No delay","No"]
["PO00297",1,"M044","V05","2025-06-24","2025-08-02","2025-07-31",1147,108.24,124151.28,"On Time",0,"No delay","No"]
["PO00298",1,"M028","V04","2025-10-01","2025-10-16","2025-10-16",999,39.34,39300.66,"On Time",0,"No delay","No"]
["PO00299",1,"M050","V05","2025-07-06","2025-08-16","2025-08-25",118,144.62,17065.16,"Late >3 Days",9,"Documentation","No"]
["PO00300",1,"M047","V07","2025-08-09","2025-08-19","2025-08-18",243,99.77,24244.11,"On Time",0,"No delay","No"]
["PO00301",1,"M026","V02","2025-06-24","2025-07-18","2025-07-22",1084,128.89,139716.76,"Late >3 Days",4,"Transit delay","No"]
["PO00302",1,"M055","V12","2025-04-07","2025-04-17","2025-04-15",1511,116.56,176122.16,"On Time",0,"No delay","No"]
["PO00303",1,"M029","V05","2025-11-21","2026-01-04","2026-01-02",558,56.25,31387.5,"On Time",0,"No delay","No"]
["PO00304",1,"M038","V09","2025-09-15","2025-09-24","2025-10-07",132,101.83,13441.56,"Late >3 Days",13,"Supplier capacity","No"]
["PO00305",1,"M036","V08","2025-04-17","2025-05-29","2025-05-28",388,127.62,49516.56,"On Time",0,"No delay","No"]
["PO00306",1,"M022","V12","2025-08-28","2025-10-20","2025-10-19",680,101.27,68863.6,"On Time",0,"No delay","No"]
["PO00307",1,"M057","V03","2025-09-20","2025-10-05","2025-10-21",1000,66.7,66700,"Late >3 Days",16,"Documentation","No"]
["PO00308",1,"M036","V12","2025-07-22","2025-09-02","2025-08-31",676,127.62,86271.12,"On Time",0,"No delay","No"]
["PO00309",1,"M012","V09","2025-07-11","2025-07-21","2025-07-19",709,141.35,100217.15,"On Time",0,"No delay","No"]
["PO00310",1,"M051","V01","2025-03-20","2025-04-06","2025-04-04",466,15.01,6994.66,"On Time",0,"No delay","No"]
["PO00311",1,"M020","V05","2025-07-27","2025-08-13","2025-08-11",331,109.44,36224.64,"On Time",0,"No delay","No"]
["PO00312",1,"M004","V01","2025-08-02","2025-08-20","2025-08-18",1290,137.44,177297.6,"On Time",0,"No delay","No"]
["PO00313",1,"M022","V03","2025-10-26","2025-12-18","2025-12-27",716,101.27,72509.32,"Late >3 Days",9,"Transit delay","Yes"]
["PO00314",1,"M057","V09","2025-04-01","2025-04-16","2025-04-15",778,66.7,51892.6,"On Time",0,"No delay","No"]
["PO00315",1,"M049","V04","2025-04-08","2025-05-06","2025-05-25",213,146.71,31249.23,"Late >3 Days",19,"Forecast change","Yes"]
["PO00316",1,"M025","V03","2025-05-03","2025-06-05","2025-06-20",328,47.06,15435.68,"Late >3 Days",15,"Forecast change","Yes"]
["PO00317",1,"M012","V04","2025-04-10","2025-04-20","2025-04-17",1061,141.35,149972.35,"On Time",0,"No delay","No"]
["PO00318",1,"M038","V07","2025-09-24","2025-10-03","2025-10-02",84,101.83,8553.72,"On Time",0,"No delay","No"]
["PO00319",1,"M045","V03","2025-04-08","2025-04-21","2025-04-21",720,95.8,68976,"On Time",0,"No delay","No"]
["PO00320",1,"M035","V06","2025-07-09","2025-08-24","2025-08-23",81,112.78,9135.18,"On Time",0,"No delay","No"]
["PO00321",1,"M016","V09","2025-05-25","2025-06-05","2025-06-05",958,9.89,9474.62,"On Time",0,"No delay","No"]
["PO00322",1,"M028","V01","2025-06-04","2025-06-19","2025-06-19",1456,39.34,57279.04,"On Time",0,"No delay","No"]
["PO00323",1,"M042","V10","2025-04-23","2025-06-13","2025-06-10",1216,87.57,106485.12,"On Time",0,"No delay","No"]
["PO00324",1,"M027","V09","2025-10-30","2025-12-10","2025-12-09",1479,12.52,18517.08,"On Time",0,"No delay","No"]
["PO00325",1,"M037","V03","2025-04-23","2025-06-10","2025-06-10",161,17.3,2785.3,"On Time",0,"No delay","No"]
["PO00326",1,"M003","V06","2025-01-07","2025-02-17","2025-02-17",1176,19.43,22849.68,"On Time",0,"No delay","No"]
["PO00327",1,"M019","V10","2025-09-28","2025-11-02","2025-11-02",975,91.07,88793.25,"On Time",0,"No delay","No"]
["PO00328",1,"M019","V01","2025-01-17","2025-02-21","2025-02-21",503,91.07,45808.21,"On Time",0,"No delay","No"]
["PO00329",1,"M046","V04","2025-11-26","2026-01-06","2026-01-04",616,7.23,4453.68,"On Time",0,"No delay","No"]
["PO00330",1,"M047","V04","2025-11-05","2025-11-15","2025-11-15",246,99.77,24543.42,"On Time",0,"No delay","No"]
["PO00331",1,"M052","V11","2025-07-08","2025-08-07","2025-08-10",321,41.01,13164.21,"Late 1-3 Days",3,"Quality hold","No"]
["PO00332",1,"M022","V04","2025-08-19","2025-10-11","2025-10-10",818,101.27,82838.86,"On Time",0,"No delay","No"]
["PO00333",1,"M019","V10","2025-11-23","2025-12-28","2025-12-26",711,91.07,64750.77,"On Time",0,"No delay","No"]
["PO00334",1,"M019","V08","2025-08-08","2025-09-12","2025-09-12",385,91.07,35061.95,"On Time",0,"No delay","No"]
["PO00335",1,"M017","V01","2025-06-05","2025-07-19","2025-07-21",184,146.61,26976.24,"Late 1-3 Days",2,"Documentation","No"]
["PO00336",1,"M048","V03","2025-05-08","2025-06-16","2025-06-15",336,10.87,3652.32,"On Time",0,"No delay","No"]
["PO00337",1,"M023","V03","2025-09-03","2025-10-13","2025-10-11",1030,74.28,76508.4,"On Time",0,"No delay","No"]
["PO00338",1,"M055","V02","2025-08-09","2025-08-19","2025-08-18",1256,116.56,146399.36,"On Time",0,"No delay","No"]
["PO00339",1,"M028","V02","2025-06-25","2025-07-10","2025-07-07",825,39.34,32455.5,"On Time",0,"No delay","No"]
["PO00340",1,"M011","V06","2025-01-31","2025-03-20","2025-03-17",637,130.9,83383.3,"On Time",0,"No delay","No"]
["PO00341",1,"M026","V05","2025-01-10","2025-02-03","2025-02-02",549,128.89,70760.61,"On Time",0,"No delay","No"]
["PO00342",1,"M023","V05","2025-09-08","2025-10-18","2025-10-17",1472,74.28,109340.16,"On Time",0,"No delay","No"]
["PO00343",1,"M015","V11","2025-06-04","2025-07-28","2025-07-31",1010,50.09,50590.9,"Late 1-3 Days",3,"Supplier capacity","No"]
["PO00344",1,"M057","V06","2025-01-18","2025-02-02","2025-02-05",662,66.7,44155.4,"Late 1-3 Days",3,"Supplier capacity","No"]
["PO00345",1,"M051","V12","2025-08-16","2025-09-02","2025-09-01",824,15.01,12368.24,"On Time",0,"No delay","No"]
["PO00346",1,"M001","V04","2025-01-26","2025-03-15","2025-03-13",46,55.94,2573.24,"On Time",0,"No delay","No"]
["PO00347",1,"M019","V07","2025-04-24","2025-05-29","2025-05-28",442,91.07,40252.94,"On Time",0,"No delay","No"]
["PO00348",1,"M038","V06","2025-03-11","2025-03-20","2025-03-19",120,101.83,12219.6,"On Time",0,"No delay","No"]
["PO00349",1,"M057","V02","2025-10-13","2025-10-28","2025-10-27",887,66.7,59162.9,"On Time",0,"No delay","No"]
["PO00350",1,"M006","V12","2025-03-05","2025-04-29","2025-04-27",289,65.23,18851.47,"On Time",0,"No delay","No"]
["PO00351",1,"M056","V05","2025-06-17","2025-07-27","2025-07-25",123,97.54,11997.42,"On Time",0,"No delay","No"]
["PO00352",1,"M028","V07","2025-10-01","2025-10-16","2025-10-14",867,39.34,34107.78,"On Time",0,"No delay","No"]
["PO00353",1,"M047","V02","2025-03-20","2025-03-30","2025-03-30",448,99.77,44696.96,"On Time",0,"No delay","No"]
["PO00354",1,"M033","V02","2025-04-01","2025-05-04","2025-05-03",831,107.62,89432.22,"On Time",0,"No delay","No"]
["PO00355",1,"M017","V07","2025-07-19","2025-09-01","2025-09-01",82,146.61,12022.02,"On Time",0,"No delay","No"]
["PO00356",1,"M023","V10","2025-05-30","2025-07-09","2025-07-08",1756,74.28,130435.68,"On Time",0,"No delay","No"]
["PO00357",1,"M014","V01","2025-07-18","2025-07-29","2025-07-28",221,21.96,4853.16,"On Time",0,"No delay","No"]
["PO00358",1,"M027","V04","2025-01-22","2025-03-04","2025-03-03",752,12.52,9415.04,"On Time",0,"No delay","No"]
["PO00359",1,"M056","V01","2025-02-04","2025-03-16","2025-03-14",114,97.54,11119.56,"On Time",0,"No delay","No"]
["PO00360",1,"M025","V12","2025-11-19","2025-12-22","2025-12-20",106,47.06,4988.36,"On Time",0,"No delay","No"]
["PO00361",1,"M021","V03","2025-09-07","2025-09-22","2025-09-21",230,107.8,24794,"On Time",0,"No delay","No"]
["PO00362",1,"M029","V03","2025-11-10","2025-12-24","2026-01-12",552,56.25,31050,"Late >3 Days",19,"Quality hold","No"]
["PO00363",1,"M024","V03","2025-11-05","2025-12-27","2026-01-12",476,93.24,44382.24,"Late >3 Days",16,"Documentation","No"]
["PO00364",1,"M013","V02","2025-09-15","2025-10-15","2025-10-14",555,106.35,59024.25,"On Time",0,"No delay","No"]
["PO00365",1,"M024","V11","2025-03-30","2025-05-21","2025-05-20",1168,93.24,108904.32,"On Time",0,"No delay","No"]
["PO00366",1,"M018","V06","2025-10-05","2025-11-26","2025-11-24",1122,39.64,44476.08,"On Time",0,"No delay","No"]
["PO00367",1,"M046","V08","2025-05-24","2025-07-04","2025-07-02",844,7.23,6102.12,"On Time",0,"No delay","No"]
["PO00368",1,"M023","V07","2025-01-29","2025-03-10","2025-03-09",1141,74.28,84753.48,"On Time",0,"No delay","No"]
["PO00369",1,"M012","V04","2025-02-05","2025-02-15","2025-02-18",1428,141.35,201847.8,"Late 1-3 Days",3,"Transit delay","No"]
["PO00370",1,"M040","V01","2025-09-02","2025-10-20","2025-10-19",482,25.58,12329.56,"On Time",0,"No delay","No"]
["PO00371",1,"M053","V07","2025-09-25","2025-11-01","2025-11-01",371,136.73,50726.83,"On Time",0,"No delay","No"]
["PO00372",1,"M016","V10","2025-03-30","2025-04-10","2025-04-08",1053,9.89,10414.17,"On Time",0,"No delay","No"]
["PO00373",1,"M030","V11","2025-09-15","2025-10-08","2025-10-14",592,95.35,56447.2,"Late >3 Days",6,"Supplier capacity","No"]
["PO00374",1,"M046","V04","2025-01-07","2025-02-17","2025-02-21",508,7.23,3672.84,"Late >3 Days",4,"Quality hold","No"]
["PO00375",1,"M052","V03","2025-05-14","2025-06-13","2025-06-20",281,41.01,11523.81,"Late >3 Days",7,"Documentation","Yes"]
["PO00376",1,"M043","V06","2025-04-30","2025-05-27","2025-05-26",331,125.21,41444.51,"On Time",0,"No delay","No"]
["PO00377",1,"M009","V02","2025-11-07","2025-11-26","2025-11-26",1135,91.79,104181.65,"On Time",0,"No delay","No"]
["PO00378",1,"M012","V09","2025-03-28","2025-04-07","2025-04-16",579,141.35,81841.65,"Late >3 Days",9,"Quality hold","No"]
["PO00379",1,"M031","V07","2025-09-29","2025-10-22","2025-10-20",136,6.43,874.48,"On Time",0,"No delay","No"]
["PO00380",1,"M054","V08","2025-04-05","2025-05-04","2025-05-23",668,130.34,87067.12,"Late >3 Days",19,"Supplier capacity","No"]
["PO00381",1,"M057","V12","2025-07-29","2025-08-13","2025-08-11",1146,66.7,76438.2,"On Time",0,"No delay","No"]
["PO00382",1,"M055","V05","2025-09-22","2025-10-02","2025-09-30",982,116.56,114461.92,"On Time",0,"No delay","No"]
["PO00383",1,"M005","V03","2025-01-03","2025-01-13","2025-01-19",267,34.56,9227.52,"Late >3 Days",6,"Forecast change","No"]
["PO00384",1,"M031","V04","2025-04-17","2025-05-10","2025-05-09",186,6.43,1195.98,"On Time",0,"No delay","No"]
["PO00385",1,"M036","V07","2025-10-17","2025-11-28","2025-11-27",272,127.62,34712.64,"On Time",0,"No delay","No"]
["PO00386",1,"M011","V11","2025-05-10","2025-06-27","2025-06-24",393,130.9,51443.7,"On Time",0,"No delay","No"]
["PO00387",1,"M031","V02","2025-08-14","2025-09-06","2025-09-04",196,6.43,1260.28,"On Time",0,"No delay","No"]
["PO00388",1,"M056","V04","2025-03-07","2025-04-16","2025-04-13",372,97.54,36284.88,"On Time",0,"No delay","No"]
["PO00389",1,"M014","V01","2025-04-05","2025-04-16","2025-04-13",348,21.96,7642.08,"On Time",0,"No delay","No"]
["PO00390",1,"M004","V11","2025-10-07","2025-10-25","2025-10-24",1383,137.44,190079.52,"On Time",0,"No delay","No"]
["PO00391",1,"M015","V06","2025-11-24","2026-01-17","2026-01-16",672,50.09,33660.48,"On Time",0,"No delay","No"]
["PO00392",1,"M035","V07","2025-01-21","2025-03-08","2025-03-29",160,112.78,18044.8,"Late >3 Days",21,"Forecast change","Yes"]
["PO00393",1,"M056","V10","2025-06-12","2025-07-22","2025-08-06",161,97.54,15703.94,"Late >3 Days",15,"Documentation","Yes"]
["PO00394",1,"M032","V09","2025-09-01","2025-10-20","2025-10-18",421,112.69,47442.49,"On Time",0,"No delay","No"]
["PO00395",1,"M034","V03","2025-03-08","2025-04-05","2025-04-04",791,35.36,27969.76,"On Time",0,"No delay","No"]
["PO00396",1,"M031","V10","2025-09-27","2025-10-20","2025-11-08",205,6.43,1318.15,"Late >3 Days",19,"Transit delay","No"]
["PO00397",1,"M041","V05","2025-08-07","2025-09-20","2025-09-20",376,106.53,40055.28,"On Time",0,"No delay","No"]
["PO00398",1,"M030","V07","2025-01-31","2025-02-23","2025-02-20",800,95.35,76280,"On Time",0,"No delay","No"]
["PO00399",1,"M004","V12","2025-08-13","2025-08-31","2025-08-30",1291,137.44,177435.04,"On Time",0,"No delay","No"]
["PO00400",1,"M004","V05","2025-01-28","2025-02-15","2025-02-12",546,137.44,75042.24,"On Time",0,"No delay","No"]
["PO00401",1,"M003","V06","2025-05-01","2025-06-11","2025-06-11",628,19.43,12202.04,"On Time",0,"No delay","No"]
["PO00402",1,"M011","V05","2025-06-06","2025-07-24","2025-07-24",313,130.9,40971.7,"On Time",0,"No delay","No"]
["PO00403",1,"M020","V04","2025-10-18","2025-11-04","2025-11-02",280,109.44,30643.2,"On Time",0,"No delay","No"]
["PO00404",1,"M041","V04","2025-02-23","2025-04-08","2025-04-07",571,106.53,60828.63,"On Time",0,"No delay","No"]
["PO00405",1,"M036","V12","2025-06-18","2025-07-30","2025-08-02",711,127.62,90737.82,"Late 1-3 Days",3,"Forecast change","No"]
["PO00406",1,"M032","V02","2025-09-01","2025-10-20","2025-10-19",817,112.69,92067.73,"On Time",0,"No delay","No"]
["PO00407",1,"M022","V04","2025-06-27","2025-08-19","2025-08-18",413,101.27,41824.51,"On Time",0,"No delay","No"]
["PO00408",1,"M039","V08","2025-02-08","2025-03-31","2025-03-29",1059,40.62,43016.58,"On Time",0,"No delay","No"]
["PO00409",1,"M007","V03","2025-10-29","2025-11-29","2025-11-27",273,57.68,15746.64,"On Time",0,"No delay","No"]
["PO00410",1,"M049","V11","2025-08-31","2025-09-28","2025-09-27",120,146.71,17605.2,"On Time",0,"No delay","No"]
["PO00411",1,"M032","V11","2025-01-06","2025-02-24","2025-02-22",457,112.69,51499.33,"On Time",0,"No delay","No"]
["PO00412",1,"M007","V06","2025-04-05","2025-05-06","2025-05-05",266,57.68,15342.88,"On Time",0,"No delay","No"]
["PO00413",1,"M004","V02","2025-08-06","2025-08-24","2025-08-22",1342,137.44,184444.48,"On Time",0,"No delay","No"]
["PO00414",1,"M056","V07","2025-11-18","2025-12-28","2025-12-25",249,97.54,24287.46,"On Time",0,"No delay","No"]
["PO00415",1,"M007","V05","2025-03-26","2025-04-26","2025-04-24",130,57.68,7498.4,"On Time",0,"No delay","No"]
["PO00416",1,"M047","V11","2025-03-23","2025-04-02","2025-04-01",169,99.77,16861.13,"On Time",0,"No delay","No"]
["PO00417",1,"M030","V07","2025-08-10","2025-09-02","2025-09-02",799,95.35,76184.65,"On Time",0,"No delay","No"]
["PO00418",1,"M026","V10","2025-07-24","2025-08-17","2025-08-19",1108,128.89,142810.12,"Late 1-3 Days",2,"Quality hold","No"]
["PO00419",1,"M023","V06","2025-02-01","2025-03-13","2025-03-12",1246,74.28,92552.88,"On Time",0,"No delay","No"]
["PO00420",1,"M029","V03","2025-09-11","2025-10-25","2025-10-23",977,56.25,54956.25,"On Time",0,"No delay","No"]
["PO00421",1,"M041","V09","2025-11-11","2025-12-25","2025-12-23",556,106.53,59230.68,"On Time",0,"No delay","No"]
["PO00422",1,"M002","V09","2025-05-24","2025-06-27","2025-06-26",887,56.1,49760.7,"On Time",0,"No delay","No"]
["PO00423",1,"M059","V01","2025-10-18","2025-11-04","2025-11-17",634,115.1,72973.4,"Late >3 Days",13,"Forecast change","No"]
["PO00424",1,"M043","V02","2025-07-23","2025-08-19","2025-08-18",875,125.21,109558.75,"On Time",0,"No delay","No"]
["PO00425",1,"M043","V07","2025-08-08","2025-09-04","2025-09-01",953,125.21,119325.13,"On Time",0,"No delay","No"]
["PO00426",1,"M011","V03","2025-05-27","2025-07-14","2025-07-12",334,130.9,43720.6,"On Time",0,"No delay","No"]
["PO00427",1,"M040","V03","2025-08-18","2025-10-05","2025-10-04",476,25.58,12176.08,"On Time",0,"No delay","No"]
["PO00428",1,"M040","V11","2025-01-12","2025-03-01","2025-02-28",441,25.58,11280.78,"On Time",0,"No delay","No"]
["PO00429",1,"M033","V04","2025-01-03","2025-02-05","2025-02-03",658,107.62,70813.96,"On Time",0,"No delay","No"]
["PO00430",1,"M047","V09","2025-08-17","2025-08-27","2025-08-26",287,99.77,28633.99,"On Time",0,"No delay","No"]
["PO00431",1,"M055","V11","2025-10-11","2025-10-21","2025-10-20",678,116.56,79027.68,"On Time",0,"No delay","No"]
["PO00432",1,"M004","V05","2025-06-18","2025-07-06","2025-07-05",631,137.44,86724.64,"On Time",0,"No delay","No"]
["PO00433",1,"M029","V12","2025-08-01","2025-09-14","2025-09-19",767,56.25,43143.75,"Late >3 Days",5,"Supplier capacity","No"]
["PO00434",1,"M002","V07","2025-02-22","2025-03-28","2025-03-27",957,56.1,53687.7,"On Time",0,"No delay","No"]
["PO00435",1,"M055","V01","2025-05-29","2025-06-08","2025-06-08",560,116.56,65273.6,"On Time",0,"No delay","No"]
["PO00436",1,"M027","V05","2025-03-27","2025-05-07","2025-05-05",1182,12.52,14798.64,"On Time",0,"No delay","No"]
["PO00437",1,"M040","V03","2025-09-03","2025-10-21","2025-10-20",652,25.58,16678.16,"On Time",0,"No delay","No"]
["PO00438",1,"M046","V04","2025-03-09","2025-04-19","2025-04-18",928,7.23,6709.44,"On Time",0,"No delay","No"]
["PO00439",1,"M041","V10","2025-06-03","2025-07-17","2025-07-25",285,106.53,30361.05,"Late >3 Days",8,"Documentation","Yes"]
["PO00440",1,"M043","V12","2025-07-17","2025-08-13","2025-08-13",427,125.21,53464.67,"On Time",0,"No delay","No"]
["PO00441",1,"M054","V07","2025-04-20","2025-05-19","2025-05-17",361,130.34,47052.74,"On Time",0,"No delay","No"]
["PO00442",1,"M023","V07","2025-01-14","2025-02-23","2025-03-11",659,74.28,48950.52,"Late >3 Days",16,"Transit delay","No"]
["PO00443",1,"M050","V03","2025-02-05","2025-03-18","2025-03-18",328,144.62,47435.36,"On Time",0,"No delay","No"]
["PO00444",1,"M027","V01","2025-02-08","2025-03-21","2025-03-20",1063,12.52,13308.76,"On Time",0,"No delay","No"]
["PO00445",1,"M059","V09","2025-01-01","2025-01-18","2025-01-16",1375,115.1,158262.5,"On Time",0,"No delay","No"]
["PO00446",1,"M032","V03","2025-05-14","2025-07-02","2025-07-01",662,112.69,74600.78,"On Time",0,"No delay","No"]
["PO00447",1,"M037","V09","2025-11-14","2026-01-01","2025-12-31",333,17.3,5760.9,"On Time",0,"No delay","No"]
["PO00448",1,"M004","V02","2025-03-11","2025-03-29","2025-03-26",424,137.44,58274.56,"On Time",0,"No delay","No"]
["PO00449",1,"M010","V11","2025-04-11","2025-05-28","2025-05-28",83,66.26,5499.58,"On Time",0,"No delay","No"]
["PO00450",1,"M012","V06","2025-08-08","2025-08-18","2025-08-16",458,141.35,64738.3,"On Time",0,"No delay","No"]
["PO00451",1,"M006","V11","2025-07-17","2025-09-10","2025-09-30",572,65.23,37311.56,"Late >3 Days",20,"Supplier capacity","No"]
["PO00452",1,"M057","V06","2025-03-11","2025-03-26","2025-03-24",1148,66.7,76571.6,"On Time",0,"No delay","No"]
["PO00453",1,"M031","V05","2025-07-28","2025-08-20","2025-08-19",112,6.43,720.16,"On Time",0,"No delay","No"]
["PO00454",1,"M044","V12","2025-02-14","2025-03-25","2025-03-23",589,108.24,63753.36,"On Time",0,"No delay","No"]
["PO00455",1,"M052","V07","2025-05-18","2025-06-17","2025-06-16",396,41.01,16239.96,"On Time",0,"No delay","No"]
["PO00456",1,"M017","V06","2025-10-26","2025-12-09","2025-12-07",290,146.61,42516.9,"On Time",0,"No delay","No"]
["PO00457",1,"M014","V12","2025-05-16","2025-05-27","2025-05-25",395,21.96,8674.2,"On Time",0,"No delay","No"]
["PO00458",1,"M060","V05","2025-01-20","2025-01-29","2025-01-28",1279,84.96,108663.84,"On Time",0,"No delay","No"]
["PO00459",1,"M036","V06","2025-08-23","2025-10-04","2025-10-02",586,127.62,74785.32,"On Time",0,"No delay","No"]
["PO00460",1,"M040","V02","2025-03-03","2025-04-20","2025-04-19",312,25.58,7980.96,"On Time",0,"No delay","No"]
["PO00461",1,"M057","V03","2025-01-29","2025-02-13","2025-02-11",795,66.7,53026.5,"On Time",0,"No delay","No"]
["PO00462",1,"M053","V09","2025-06-09","2025-07-16","2025-07-26",308,136.73,42112.84,"Late >3 Days",10,"Transit delay","Yes"]
["PO00463",1,"M020","V09","2025-03-12","2025-03-29","2025-03-29",565,109.44,61833.6,"On Time",0,"No delay","No"]
["PO00464",1,"M031","V10","2025-02-18","2025-03-13","2025-04-02",198,6.43,1273.14,"Late >3 Days",20,"Transit delay","No"]
["PO00465",1,"M011","V03","2025-09-22","2025-11-09","2025-11-06",619,130.9,81027.1,"On Time",0,"No delay","No"]
["PO00466",1,"M016","V06","2025-10-23","2025-11-03","2025-10-31",1069,9.89,10572.41,"On Time",0,"No delay","No"]
["PO00467",1,"M005","V03","2025-08-18","2025-08-28","2025-08-27",205,34.56,7084.8,"On Time",0,"No delay","No"]
["PO00468",1,"M043","V04","2025-09-02","2025-09-29","2025-10-05",293,125.21,36686.53,"Late >3 Days",6,"Forecast change","Yes"]
["PO00469",1,"M015","V01","2025-11-16","2026-01-09","2026-01-09",1173,50.09,58755.57,"On Time",0,"No delay","No"]
["PO00470",1,"M051","V02","2025-10-20","2025-11-06","2025-11-05",1145,15.01,17186.45,"On Time",0,"No delay","No"]
["PO00471",1,"M027","V04","2025-08-24","2025-10-04","2025-10-02",1096,12.52,13721.92,"On Time",0,"No delay","No"]
["PO00472",1,"M002","V10","2025-06-06","2025-07-10","2025-07-10",1207,56.1,67712.7,"On Time",0,"No delay","No"]
["PO00473",1,"M046","V09","2025-08-12","2025-09-22","2025-09-21",928,7.23,6709.44,"On Time",0,"No delay","No"]
["PO00474",1,"M035","V02","2025-04-22","2025-06-07","2025-06-07",197,112.78,22217.66,"On Time",0,"No delay","No"]
["PO00475",1,"M006","V03","2025-03-06","2025-04-30","2025-05-20",204,65.23,13306.92,"Late >3 Days",20,"Quality hold","Yes"]
["PO00476",1,"M011","V10","2025-01-12","2025-03-01","2025-03-06",408,130.9,53407.2,"Late >3 Days",5,"Supplier capacity","No"]
["PO00477",1,"M026","V04","2025-10-22","2025-11-15","2025-11-13",910,128.89,117289.9,"On Time",0,"No delay","No"]
["PO00478",1,"M001","V04","2025-08-03","2025-09-20","2025-09-18",144,55.94,8055.36,"On Time",0,"No delay","No"]
["PO00479",1,"M053","V11","2025-09-18","2025-10-25","2025-11-06",338,136.73,46214.74,"Late >3 Days",12,"Quality hold","Yes"]
["PO00480",1,"M052","V10","2025-02-26","2025-03-28","2025-03-27",407,41.01,16691.07,"On Time",0,"No delay","No"]
["PO00481",1,"M056","V03","2025-05-30","2025-07-09","2025-07-09",400,97.54,39016,"On Time",0,"No delay","No"]
["PO00482",1,"M036","V02","2025-03-25","2025-05-06","2025-05-17",540,127.62,68914.8,"Late >3 Days",11,"Transit delay","Yes"]
["PO00483",1,"M041","V07","2025-09-15","2025-10-29","2025-11-06",460,106.53,49003.8,"Late >3 Days",8,"Quality hold","No"]
["PO00484",1,"M038","V01","2025-06-26","2025-07-05","2025-07-04",223,101.83,22708.09,"On Time",0,"No delay","No"]
["PO00485",1,"M008","V11","2025-02-16","2025-03-20","2025-03-18",479,63.49,30411.71,"On Time",0,"No delay","No"]
["PO00486",1,"M059","V03","2025-01-01","2025-01-18","2025-01-16",780,115.1,89778,"On Time",0,"No delay","No"]
["PO00487",1,"M003","V08","2025-09-13","2025-10-24","2025-10-24",697,19.43,13542.71,"On Time",0,"No delay","No"]
["PO00488",1,"M002","V10","2025-10-10","2025-11-13","2025-11-16",466,56.1,26142.6,"Late 1-3 Days",3,"Transit delay","No"]
["PO00489",1,"M032","V04","2025-03-05","2025-04-23","2025-04-20",638,112.69,71896.22,"On Time",0,"No delay","No"]
["PO00490",1,"M020","V12","2025-05-21","2025-06-07","2025-06-06",240,109.44,26265.6,"On Time",0,"No delay","No"]
["PO00491",1,"M010","V12","2025-07-25","2025-09-10","2025-09-07",122,66.26,8083.72,"On Time",0,"No delay","No"]
["PO00492",1,"M039","V07","2025-09-22","2025-11-12","2025-11-11",983,40.62,39929.46,"On Time",0,"No delay","No"]
["PO00493",1,"M031","V03","2025-03-22","2025-04-14","2025-04-14",173,6.43,1112.39,"On Time",0,"No delay","No"]
["PO00494",1,"M023","V08","2025-08-16","2025-09-25","2025-09-24",1438,74.28,106814.64,"On Time",0,"No delay","No"]
["PO00495",1,"M038","V01","2025-10-28","2025-11-06","2025-11-06",119,101.83,12117.77,"On Time",0,"No delay","No"]
["PO00496",1,"M023","V06","2025-03-10","2025-04-19","2025-04-16",799,74.28,59349.72,"On Time",0,"No delay","No"]
["PO00497",1,"M052","V09","2025-02-27","2025-03-29","2025-04-06",239,41.01,9801.39,"Late >3 Days",8,"Quality hold","Yes"]
["PO00498",1,"M019","V01","2025-04-16","2025-05-21","2025-05-20",805,91.07,73311.35,"On Time",0,"No delay","No"]
["PO00499",1,"M029","V01","2025-03-03","2025-04-16","2025-04-14",451,56.25,25368.75,"On Time",0,"No delay","No"]
["PO00500",1,"M024","V02","2025-11-25","2026-01-16","2026-01-14",1080,93.24,100699.2,"On Time",0,"No delay","No"]
["PO00501",1,"M060","V01","2025-08-22","2025-08-31","2025-08-31",1017,84.96,86404.32,"On Time",0,"No delay","No"]
["PO00502",1,"M031","V02","2025-05-29","2025-06-21","2025-06-21",109,6.43,700.87,"On Time",0,"No delay","No"]
["PO00503",1,"M016","V11","2025-04-14","2025-04-25","2025-04-30",1089,9.89,10770.21,"Late >3 Days",5,"Documentation","No"]
["PO00504",1,"M025","V07","2025-09-25","2025-10-28","2025-10-28",221,47.06,10400.26,"On Time",0,"No delay","No"]
["PO00505",1,"M049","V04","2025-08-08","2025-09-05","2025-09-02",78,146.71,11443.38,"On Time",0,"No delay","No"]
["PO00506",1,"M045","V01","2025-10-26","2025-11-08","2025-11-07",1016,95.8,97332.8,"On Time",0,"No delay","No"]
["PO00507",1,"M002","V02","2025-11-12","2025-12-16","2025-12-14",1280,56.1,71808,"On Time",0,"No delay","No"]
["PO00508",1,"M046","V01","2025-06-13","2025-07-24","2025-07-21",898,7.23,6492.54,"On Time",0,"No delay","No"]
["PO00509",1,"M059","V10","2025-01-14","2025-01-31","2025-01-29",415,115.1,47766.5,"On Time",0,"No delay","No"]
["PO00510",1,"M057","V01","2025-04-19","2025-05-04","2025-05-02",822,66.7,54827.4,"On Time",0,"No delay","No"]
["PO00511",1,"M052","V08","2025-08-23","2025-09-22","2025-09-20",221,41.01,9063.21,"On Time",0,"No delay","No"]
["PO00512",1,"M030","V08","2025-03-09","2025-04-01","2025-03-31",510,95.35,48628.5,"On Time",0,"No delay","No"]
["PO00513",1,"M034","V10","2025-10-19","2025-11-16","2025-11-15",1259,35.36,44518.24,"On Time",0,"No delay","No"]
["PO00514",1,"M053","V04","2025-02-03","2025-03-12","2025-03-10",148,136.73,20236.04,"On Time",0,"No delay","No"]
["PO00515",1,"M037","V02","2025-07-30","2025-09-16","2025-09-18",170,17.3,2941,"Late 1-3 Days",2,"Documentation","No"]
["PO00516",1,"M048","V03","2025-10-03","2025-11-11","2025-11-21",707,10.87,7685.09,"Late >3 Days",10,"Documentation","No"]
["PO00517",1,"M035","V06","2025-10-28","2025-12-13","2025-12-10",215,112.78,24247.7,"On Time",0,"No delay","No"]
["PO00518",1,"M038","V07","2025-11-01","2025-11-10","2025-11-08",206,101.83,20976.98,"On Time",0,"No delay","No"]
["PO00519",1,"M028","V01","2025-05-26","2025-06-10","2025-06-08",1407,39.34,55351.38,"On Time",0,"No delay","No"]
["PO00520",1,"M015","V01","2025-10-08","2025-12-01","2025-11-29",578,50.09,28952.02,"On Time",0,"No delay","No"]
["PO00521",1,"M037","V11","2025-07-02","2025-08-19","2025-08-16",123,17.3,2127.9,"On Time",0,"No delay","No"]
["PO00522",1,"M037","V11","2025-02-02","2025-03-22","2025-04-05",200,17.3,3460,"Late >3 Days",14,"Supplier capacity","Yes"]
["PO00523",1,"M017","V12","2025-05-31","2025-07-14","2025-07-13",239,146.61,35039.79,"On Time",0,"No delay","No"]
["PO00524",1,"M060","V02","2025-06-19","2025-06-28","2025-06-27",553,84.96,46982.88,"On Time",0,"No delay","No"]
["PO00525",1,"M008","V12","2025-09-12","2025-10-14","2025-10-12",1269,63.49,80568.81,"On Time",0,"No delay","No"]
["PO00526",1,"M030","V04","2025-10-04","2025-10-27","2025-10-26",833,95.35,79426.55,"On Time",0,"No delay","No"]
["PO00527",1,"M041","V08","2025-09-21","2025-11-04","2025-11-02",347,106.53,36965.91,"On Time",0,"No delay","No"]
["PO00528",1,"M038","V12","2025-08-16","2025-08-25","2025-08-23",233,101.83,23726.39,"On Time",0,"No delay","No"]
["PO00529",1,"M055","V05","2025-07-06","2025-07-16","2025-07-13",1125,116.56,131130,"On Time",0,"No delay","No"]
["PO00530",1,"M053","V05","2025-05-11","2025-06-17","2025-06-15",201,136.73,27482.73,"On Time",0,"No delay","No"]
["PO00531",1,"M056","V10","2025-08-09","2025-09-18","2025-09-18",217,97.54,21166.18,"On Time",0,"No delay","No"]
["PO00532",1,"M059","V09","2025-06-27","2025-07-14","2025-07-23",545,115.1,62729.5,"Late >3 Days",9,"Documentation","Yes"]
["PO00533",1,"M012","V06","2025-10-08","2025-10-18","2025-10-18",1273,141.35,179938.55,"On Time",0,"No delay","No"]
["PO00534",1,"M011","V11","2025-08-15","2025-10-02","2025-10-08",382,130.9,50003.8,"Late >3 Days",6,"Transit delay","No"]
["PO00535",1,"M024","V08","2025-03-09","2025-04-30","2025-05-08",1008,93.24,93985.92,"Late >3 Days",8,"Supplier capacity","No"]
["PO00536",1,"M044","V08","2025-11-13","2025-12-22","2025-12-21",1496,108.24,161927.04,"On Time",0,"No delay","No"]
["PO00537",1,"M041","V03","2025-09-16","2025-10-30","2025-11-03",585,106.53,62320.05,"Late >3 Days",4,"Forecast change","No"]
["PO00538",1,"M031","V04","2025-05-06","2025-05-29","2025-05-27",223,6.43,1433.89,"On Time",0,"No delay","No"]
["PO00539",1,"M035","V05","2025-06-25","2025-08-10","2025-08-07",99,112.78,11165.22,"On Time",0,"No delay","No"]
["PO00540",1,"M051","V09","2025-05-07","2025-05-24","2025-05-26",394,15.01,5913.94,"Late 1-3 Days",2,"Quality hold","No"]
["PO00541",1,"M049","V03","2025-05-31","2025-06-28","2025-06-27",94,146.71,13790.74,"On Time",0,"No delay","No"]
["PO00542",1,"M042","V08","2025-09-23","2025-11-13","2025-11-10",659,87.57,57708.63,"On Time",0,"No delay","No"]
["PO00543",1,"M017","V11","2025-01-28","2025-03-13","2025-03-26",230,146.61,33720.3,"Late >3 Days",13,"Supplier capacity","Yes"]
["PO00544",1,"M004","V06","2025-10-08","2025-10-26","2025-10-24",929,137.44,127681.76,"On Time",0,"No delay","No"]
["PO00545",1,"M027","V11","2025-08-02","2025-09-12","2025-09-09",806,12.52,10091.12,"On Time",0,"No delay","No"]
["PO00546",1,"M025","V03","2025-06-03","2025-07-06","2025-07-04",357,47.06,16800.42,"On Time",0,"No delay","No"]
["PO00547",1,"M034","V12","2025-06-25","2025-07-23","2025-07-20",1352,35.36,47806.72,"On Time",0,"No delay","No"]
["PO00548",1,"M033","V01","2025-08-15","2025-09-17","2025-09-15",996,107.62,107189.52,"On Time",0,"No delay","No"]
["PO00549",1,"M060","V10","2025-03-20","2025-03-29","2025-03-28",1344,84.96,114186.24,"On Time",0,"No delay","No"]
["PO00550",1,"M043","V05","2025-10-05","2025-11-01","2025-11-01",277,125.21,34683.17,"On Time",0,"No delay","No"]
["PO00551",1,"M028","V01","2025-11-07","2025-11-22","2025-11-19",675,39.34,26554.5,"On Time",0,"No delay","No"]
["PO00552",1,"M015","V11","2025-06-20","2025-08-13","2025-08-12",1015,50.09,50841.35,"On Time",0,"No delay","No"]
["PO00553",1,"M013","V11","2025-06-16","2025-07-16","2025-07-13",1343,106.35,142828.05,"On Time",0,"No delay","No"]
["PO00554",1,"M033","V01","2025-05-11","2025-06-13","2025-06-11",1305,107.62,140444.1,"On Time",0,"No delay","No"]
["PO00555",1,"M006","V05","2025-05-22","2025-07-16","2025-07-14",340,65.23,22178.2,"On Time",0,"No delay","No"]
["PO00556",1,"M049","V02","2025-01-15","2025-02-12","2025-02-12",124,146.71,18192.04,"On Time",0,"No delay","No"]
["PO00557",1,"M030","V12","2025-10-02","2025-10-25","2025-10-22",578,95.35,55112.3,"On Time",0,"No delay","No"]
["PO00558",1,"M060","V06","2025-09-23","2025-10-02","2025-10-01",972,84.96,82581.12,"On Time",0,"No delay","No"]
["PO00559",1,"M022","V12","2025-03-08","2025-04-30","2025-04-29",448,101.27,45368.96,"On Time",0,"No delay","No"]
["PO00560",1,"M002","V06","2025-03-31","2025-05-04","2025-05-04",842,56.1,47236.2,"On Time",0,"No delay","No"]
["PO00561",1,"M033","V05","2025-01-10","2025-02-12","2025-03-01",771,107.62,82975.02,"Late >3 Days",17,"Forecast change","No"]
["PO00562",1,"M057","V01","2025-02-09","2025-02-24","2025-02-22",769,66.7,51292.3,"On Time",0,"No delay","No"]
["PO00563",1,"M035","V05","2025-10-12","2025-11-27","2025-11-25",113,112.78,12744.14,"On Time",0,"No delay","No"]
["PO00564",1,"M005","V08","2025-04-21","2025-05-01","2025-04-29",319,34.56,11024.64,"On Time",0,"No delay","No"]
["PO00565",1,"M022","V05","2025-07-14","2025-09-05","2025-09-03",927,101.27,93877.29,"On Time",0,"No delay","No"]
["PO00566",1,"M046","V12","2025-01-25","2025-03-07","2025-03-06",700,7.23,5061,"On Time",0,"No delay","No"]
["PO00567",1,"M004","V10","2025-10-03","2025-10-21","2025-10-20",481,137.44,66108.64,"On Time",0,"No delay","No"]
["PO00568",1,"M052","V11","2025-07-15","2025-08-14","2025-09-04",402,41.01,16486.02,"Late >3 Days",21,"Supplier capacity","No"]
["PO00569",1,"M054","V11","2025-01-04","2025-02-02","2025-02-08",529,130.34,68949.86,"Late >3 Days",6,"Forecast change","No"]
["PO00570",1,"M004","V10","2025-11-11","2025-11-29","2025-11-28",622,137.44,85487.68,"On Time",0,"No delay","No"]
["PO00571",1,"M016","V11","2025-03-20","2025-03-31","2025-03-29",1046,9.89,10344.94,"On Time",0,"No delay","No"]
["PO00572",1,"M037","V11","2025-09-27","2025-11-14","2025-11-12",185,17.3,3200.5,"On Time",0,"No delay","No"]
["PO00573",1,"M023","V06","2025-02-20","2025-04-01","2025-03-31",614,74.28,45607.92,"On Time",0,"No delay","No"]
["PO00574",1,"M014","V11","2025-07-13","2025-07-24","2025-08-05",399,21.96,8762.04,"Late >3 Days",12,"Transit delay","No"]
["PO00575",1,"M051","V04","2025-04-04","2025-04-21","2025-04-20",877,15.01,13163.77,"On Time",0,"No delay","No"]
["PO00576",1,"M057","V08","2025-04-11","2025-04-26","2025-04-29",960,66.7,64032,"Late 1-3 Days",3,"Transit delay","No"]
["PO00577",1,"M023","V01","2025-03-18","2025-04-27","2025-04-27",533,74.28,39591.24,"On Time",0,"No delay","No"]
["PO00578",1,"M059","V10","2025-09-20","2025-10-07","2025-10-05",572,115.1,65837.2,"On Time",0,"No delay","No"]
["PO00579",1,"M013","V09","2025-02-24","2025-03-26","2025-03-23",632,106.35,67213.2,"On Time",0,"No delay","No"]
["PO00580",1,"M040","V03","2025-05-20","2025-07-07","2025-07-07",482,25.58,12329.56,"On Time",0,"No delay","No"]
["PO00581",1,"M028","V06","2025-03-28","2025-04-12","2025-04-09",893,39.34,35130.62,"On Time",0,"No delay","No"]
["PO00582",1,"M008","V01","2025-09-02","2025-10-04","2025-10-01",693,63.49,43998.57,"On Time",0,"No delay","No"]
["PO00583",1,"M018","V06","2025-03-16","2025-05-07","2025-05-05",664,39.64,26320.96,"On Time",0,"No delay","No"]
["PO00584",1,"M025","V05","2025-10-04","2025-11-06","2025-11-04",289,47.06,13600.34,"On Time",0,"No delay","No"]
["PO00585",1,"M040","V04","2025-10-09","2025-11-26","2025-11-24",657,25.58,16806.06,"On Time",0,"No delay","No"]
["PO00586",1,"M060","V01","2025-04-05","2025-04-14","2025-04-12",764,84.96,64909.44,"On Time",0,"No delay","No"]
["PO00587",1,"M057","V01","2025-01-17","2025-02-01","2025-02-09",855,66.7,57028.5,"Late >3 Days",8,"Supplier capacity","Yes"]
["PO00588",1,"M055","V03","2025-08-27","2025-09-06","2025-09-04",471,116.56,54899.76,"On Time",0,"No delay","No"]
["PO00589",1,"M051","V04","2025-11-21","2025-12-08","2025-12-27",561,15.01,8420.61,"Late >3 Days",19,"Forecast change","Yes"]
["PO00590",1,"M052","V09","2025-08-13","2025-09-12","2025-09-19",149,41.01,6110.49,"Late >3 Days",7,"Forecast change","Yes"]
["PO00591",1,"M015","V06","2025-08-25","2025-10-18","2025-10-17",966,50.09,48386.94,"On Time",0,"No delay","No"]
["PO00592",1,"M059","V08","2025-04-26","2025-05-13","2025-05-11",1314,115.1,151241.4,"On Time",0,"No delay","No"]
["PO00593",1,"M057","V11","2025-10-25","2025-11-09","2025-11-09",1167,66.7,77838.9,"On Time",0,"No delay","No"]
["PO00594",1,"M014","V01","2025-02-23","2025-03-06","2025-03-21",213,21.96,4677.48,"Late >3 Days",15,"Supplier capacity","Yes"]
["PO00595",1,"M055","V12","2025-02-15","2025-02-25","2025-02-24",1340,116.56,156190.4,"On Time",0,"No delay","No"]
["PO00596",1,"M013","V04","2025-03-24","2025-04-23","2025-05-09",1405,106.35,149421.75,"Late >3 Days",16,"Quality hold","Yes"]
["PO00597",1,"M029","V01","2025-05-16","2025-06-29","2025-06-28",1193,56.25,67106.25,"On Time",0,"No delay","No"]
["PO00598",1,"M010","V01","2025-06-15","2025-08-01","2025-07-31",167,66.26,11065.42,"On Time",0,"No delay","No"]
["PO00599",1,"M034","V06","2025-05-12","2025-06-09","2025-06-07",1011,35.36,35748.96,"On Time",0,"No delay","No"]
["PO00600",1,"M001","V09","2025-08-21","2025-10-08","2025-10-06",104,55.94,5817.76,"On Time",0,"No delay","No"]
["PO00601",1,"M012","V11","2025-10-12","2025-10-22","2025-10-19",783,141.35,110677.05,"On Time",0,"No delay","No"]
["PO00602",1,"M007","V10","2025-03-25","2025-04-25","2025-04-24",356,57.68,20534.08,"On Time",0,"No delay","No"]
["PO00603",1,"M012","V12","2025-06-16","2025-06-26","2025-06-25",1507,141.35,213014.45,"On Time",0,"No delay","No"]
["PO00604",1,"M058","V10","2025-06-07","2025-07-11","2025-07-10",832,94.65,78748.8,"On Time",0,"No delay","No"]
["PO00605",1,"M021","V03","2025-07-09","2025-07-24","2025-07-24",322,107.8,34711.6,"On Time",0,"No delay","No"]
["PO00606",1,"M005","V02","2025-01-13","2025-01-23","2025-01-29",307,34.56,10609.92,"Late >3 Days",6,"Quality hold","No"]
["PO00607",1,"M017","V11","2025-01-28","2025-03-13","2025-03-13",83,146.61,12168.63,"On Time",0,"No delay","No"]
["PO00608",1,"M057","V12","2025-01-07","2025-01-22","2025-01-20",1136,66.7,75771.2,"On Time",0,"No delay","No"]
["PO00609",1,"M014","V08","2025-09-25","2025-10-06","2025-10-06",279,21.96,6126.84,"On Time",0,"No delay","No"]
["PO00610",1,"M041","V03","2025-01-27","2025-03-12","2025-03-11",614,106.53,65409.42,"On Time",0,"No delay","No"]
["PO00611",1,"M058","V12","2025-08-26","2025-09-29","2025-09-28",472,94.65,44674.8,"On Time",0,"No delay","No"]
["PO00612",1,"M060","V10","2025-11-13","2025-11-22","2025-11-26",761,84.96,64654.56,"Late >3 Days",4,"Quality hold","No"]
["PO00613",1,"M012","V10","2025-01-26","2025-02-05","2025-02-03",1202,141.35,169902.7,"On Time",0,"No delay","No"]
["PO00614",1,"M036","V03","2025-09-17","2025-10-29","2025-10-28",308,127.62,39306.96,"On Time",0,"No delay","No"]
["PO00615",1,"M006","V11","2025-09-18","2025-11-12","2025-11-11",451,65.23,29418.73,"On Time",0,"No delay","No"]
["PO00616",1,"M040","V06","2025-07-20","2025-09-06","2025-09-05",299,25.58,7648.42,"On Time",0,"No delay","No"]
["PO00617",1,"M014","V01","2025-10-06","2025-10-17","2025-10-15",213,21.96,4677.48,"On Time",0,"No delay","No"]
["PO00618",1,"M008","V04","2025-08-13","2025-09-14","2025-09-29",694,63.49,44062.06,"Late >3 Days",15,"Transit delay","No"]
["PO00619",1,"M038","V01","2025-10-22","2025-10-31","2025-10-31",208,101.83,21180.64,"On Time",0,"No delay","No"]
["PO00620",1,"M036","V11","2025-05-01","2025-06-12","2025-06-11",511,127.62,65213.82,"On Time",0,"No delay","No"]
["PO00621",1,"M051","V07","2025-05-30","2025-06-16","2025-06-16",1134,15.01,17021.34,"On Time",0,"No delay","No"]
["PO00622",1,"M040","V05","2025-04-14","2025-06-01","2025-05-31",472,25.58,12073.76,"On Time",0,"No delay","No"]
["PO00623",1,"M035","V10","2025-06-11","2025-07-27","2025-07-25",187,112.78,21089.86,"On Time",0,"No delay","No"]
["PO00624",1,"M007","V07","2025-08-25","2025-09-25","2025-09-22",346,57.68,19957.28,"On Time",0,"No delay","No"]
["PO00625",1,"M018","V01","2025-06-21","2025-08-12","2025-08-11",571,39.64,22634.44,"On Time",0,"No delay","No"]
["PO00626",1,"M029","V03","2025-09-23","2025-11-06","2025-11-06",1330,56.25,74812.5,"On Time",0,"No delay","No"]
["PO00627",1,"M021","V02","2025-11-06","2025-11-21","2025-12-01",391,107.8,42149.8,"Late >3 Days",10,"Documentation","No"]
["PO00628",1,"M003","V04","2025-05-05","2025-06-15","2025-06-13",920,19.43,17875.6,"On Time",0,"No delay","No"]
["PO00629",1,"M033","V01","2025-04-17","2025-05-20","2025-05-19",1207,107.62,129897.34,"On Time",0,"No delay","No"]
["PO00630",1,"M010","V04","2025-03-05","2025-04-21","2025-04-18",148,66.26,9806.48,"On Time",0,"No delay","No"]
["PO00631",1,"M022","V08","2025-04-02","2025-05-25","2025-05-22",348,101.27,35241.96,"On Time",0,"No delay","No"]
["PO00632",1,"M004","V03","2025-08-20","2025-09-07","2025-09-06",652,137.44,89610.88,"On Time",0,"No delay","No"]
["PO00633",1,"M030","V10","2025-01-12","2025-02-04","2025-02-01",800,95.35,76280,"On Time",0,"No delay","No"]
["PO00634",1,"M043","V01","2025-01-26","2025-02-22","2025-02-20",959,125.21,120076.39,"On Time",0,"No delay","No"]
["PO00635",1,"M028","V03","2025-02-07","2025-02-22","2025-02-21",863,39.34,33950.42,"On Time",0,"No delay","No"]
["PO00636",1,"M023","V07","2025-09-14","2025-10-24","2025-10-23",887,74.28,65886.36,"On Time",0,"No delay","No"]
["PO00637",1,"M025","V02","2025-11-20","2025-12-23","2025-12-20",378,47.06,17788.68,"On Time",0,"No delay","No"]
["PO00638",1,"M008","V12","2025-10-13","2025-11-14","2025-11-20",1219,63.49,77394.31,"Late >3 Days",6,"Quality hold","No"]
["PO00639",1,"M020","V01","2025-01-10","2025-01-27","2025-01-26",233,109.44,25499.52,"On Time",0,"No delay","No"]
["PO00640",1,"M011","V11","2025-05-03","2025-06-20","2025-06-18",641,130.9,83906.9,"On Time",0,"No delay","No"]
["PO00641",1,"M056","V07","2025-02-25","2025-04-06","2025-04-04",392,97.54,38235.68,"On Time",0,"No delay","No"]
["PO00642",1,"M017","V05","2025-05-16","2025-06-29","2025-06-27",264,146.61,38705.04,"On Time",0,"No delay","No"]
["PO00643",1,"M039","V07","2025-09-20","2025-11-10","2025-11-09",913,40.62,37086.06,"On Time",0,"No delay","No"]
["PO00644",1,"M041","V10","2025-10-19","2025-12-02","2025-12-17",221,106.53,23543.13,"Late >3 Days",15,"Forecast change","Yes"]
["PO00645",1,"M033","V10","2025-01-19","2025-02-21","2025-03-07",730,107.62,78562.6,"Late >3 Days",14,"Forecast change","No"]
["PO00646",1,"M044","V07","2025-10-28","2025-12-06","2025-12-06",565,108.24,61155.6,"On Time",0,"No delay","No"]
["PO00647",1,"M020","V06","2025-05-16","2025-06-02","2025-05-31",354,109.44,38741.76,"On Time",0,"No delay","No"]
["PO00648",1,"M039","V06","2025-06-17","2025-08-07","2025-08-04",1115,40.62,45291.3,"On Time",0,"No delay","No"]
["PO00649",1,"M013","V10","2025-04-28","2025-05-28","2025-05-25",743,106.35,79018.05,"On Time",0,"No delay","No"]
["PO00650",1,"M055","V06","2025-02-25","2025-03-07","2025-03-24",1273,116.56,148380.88,"Late >3 Days",17,"Documentation","No"]
["PO00651",1,"M025","V02","2025-06-27","2025-07-30","2025-07-29",116,47.06,5458.96,"On Time",0,"No delay","No"]
["PO00652",1,"M020","V06","2025-11-12","2025-11-29","2025-11-29",303,109.44,33160.32,"On Time",0,"No delay","No"]
["PO00653",1,"M019","V06","2025-07-28","2025-09-01","2025-08-31",354,91.07,32238.78,"On Time",0,"No delay","No"]
["PO00654",1,"M032","V01","2025-05-05","2025-06-23","2025-06-21",892,112.69,100519.48,"On Time",0,"No delay","No"]
["PO00655",1,"M051","V11","2025-07-23","2025-08-09","2025-08-09",511,15.01,7670.11,"On Time",0,"No delay","No"]
["PO00656",1,"M057","V07","2025-11-09","2025-11-24","2025-11-30",389,66.7,25946.3,"Late >3 Days",6,"Quality hold","No"]
["PO00657",1,"M040","V09","2025-03-18","2025-05-05","2025-05-04",494,25.58,12636.52,"On Time",0,"No delay","No"]
["PO00658",1,"M012","V04","2025-11-23","2025-12-03","2025-12-01",635,141.35,89757.25,"On Time",0,"No delay","No"]
["PO00659",1,"M030","V10","2025-01-31","2025-02-23","2025-02-22",372,95.35,35470.2,"On Time",0,"No delay","No"]
["PO00660",1,"M015","V06","2025-03-03","2025-04-26","2025-04-24",410,50.09,20536.9,"On Time",0,"No delay","No"]
["PO00661",1,"M025","V07","2025-10-01","2025-11-03","2025-10-31",121,47.06,5694.26,"On Time",0,"No delay","No"]
["PO00662",1,"M011","V01","2025-03-14","2025-05-01","2025-04-30",577,130.9,75529.3,"On Time",0,"No delay","No"]
["PO00663",1,"M051","V06","2025-03-09","2025-03-26","2025-04-15",698,15.01,10476.98,"Late >3 Days",20,"Documentation","No"]
["PO00664",1,"M008","V12","2025-10-13","2025-11-14","2025-11-12",1149,63.49,72950.01,"On Time",0,"No delay","No"]
["PO00665",1,"M013","V12","2025-07-04","2025-08-03","2025-07-31",1230,106.35,130810.5,"On Time",0,"No delay","No"]
["PO00666",1,"M058","V02","2025-04-15","2025-05-19","2025-05-26",779,94.65,73732.35,"Late >3 Days",7,"Quality hold","Yes"]
["PO00667",1,"M033","V02","2025-03-20","2025-04-22","2025-04-26",813,107.62,87495.06,"Late >3 Days",4,"Forecast change","No"]
["PO00668",1,"M051","V01","2025-04-08","2025-04-25","2025-04-24",1072,15.01,16090.72,"On Time",0,"No delay","No"]
["PO00669",1,"M031","V01","2025-05-07","2025-05-30","2025-05-28",101,6.43,649.43,"On Time",0,"No delay","No"]
["PO00670",1,"M053","V04","2025-07-16","2025-08-22","2025-08-22",263,136.73,35959.99,"On Time",0,"No delay","No"]
["PO00671",1,"M043","V06","2025-02-01","2025-02-28","2025-03-12",369,125.21,46202.49,"Late >3 Days",12,"Quality hold","No"]
["PO00672",1,"M051","V04","2025-04-11","2025-04-28","2025-04-27",1149,15.01,17246.49,"On Time",0,"No delay","No"]
["PO00673",1,"M059","V10","2025-11-02","2025-11-19","2025-11-17",815,115.1,93806.5,"On Time",0,"No delay","No"]
["PO00674",1,"M037","V02","2025-09-02","2025-10-20","2025-10-19",278,17.3,4809.4,"On Time",0,"No delay","No"]
["PO00675",1,"M051","V11","2025-11-07","2025-11-24","2025-11-22",993,15.01,14904.93,"On Time",0,"No delay","No"]
["PO00676",1,"M029","V12","2025-06-16","2025-07-30","2025-07-28",1005,56.25,56531.25,"On Time",0,"No delay","No"]
["PO00677",1,"M044","V10","2025-09-05","2025-10-14","2025-10-11",1450,108.24,156948,"On Time",0,"No delay","No"]
["PO00678",1,"M028","V01","2025-09-18","2025-10-03","2025-10-08",1097,39.34,43155.98,"Late >3 Days",5,"Forecast change","No"]
["PO00679",1,"M001","V06","2025-05-02","2025-06-19","2025-06-17",67,55.94,3747.98,"On Time",0,"No delay","No"]
["PO00680",1,"M051","V02","2025-08-07","2025-08-24","2025-09-10",1207,15.01,18117.07,"Late >3 Days",17,"Supplier capacity","Yes"]
["PO00681",1,"M028","V08","2025-02-12","2025-02-27","2025-03-06",784,39.34,30842.56,"Late >3 Days",7,"Documentation","Yes"]
["PO00682",1,"M032","V05","2025-06-11","2025-07-30","2025-07-30",413,112.69,46540.97,"On Time",0,"No delay","No"]
["PO00683",1,"M056","V09","2025-11-09","2025-12-19","2025-12-18",184,97.54,17947.36,"On Time",0,"No delay","No"]
["PO00684",1,"M018","V02","2025-08-17","2025-10-08","2025-10-06",810,39.64,32108.4,"On Time",0,"No delay","No"]
["PO00685",1,"M053","V10","2025-02-25","2025-04-03","2025-04-15",323,136.73,44163.79,"Late >3 Days",12,"Quality hold","No"]
["PO00686",1,"M011","V10","2025-09-14","2025-11-01","2025-10-31",596,130.9,78016.4,"On Time",0,"No delay","No"]
["PO00687",1,"M041","V03","2025-03-29","2025-05-12","2025-05-26",663,106.53,70629.39,"Late >3 Days",14,"Quality hold","Yes"]
["PO00688",1,"M014","V11","2025-03-05","2025-03-16","2025-03-15",490,21.96,10760.4,"On Time",0,"No delay","No"]
["PO00689",1,"M051","V05","2025-09-25","2025-10-12","2025-10-10",866,15.01,12998.66,"On Time",0,"No delay","No"]
["PO00690",1,"M021","V08","2025-08-02","2025-08-17","2025-08-16",294,107.8,31693.2,"On Time",0,"No delay","No"]
["PO00691",1,"M060","V11","2025-10-17","2025-10-26","2025-10-23",460,84.96,39081.6,"On Time",0,"No delay","No"]
["PO00692",1,"M051","V06","2025-01-03","2025-01-20","2025-02-03",717,15.01,10762.17,"Late >3 Days",14,"Quality hold","No"]
["PO00693",1,"M014","V02","2025-01-26","2025-02-06","2025-02-03",470,21.96,10321.2,"On Time",0,"No delay","No"]
["PO00694",1,"M060","V07","2025-09-30","2025-10-09","2025-10-09",877,84.96,74509.92,"On Time",0,"No delay","No"]
["PO00695",1,"M020","V04","2025-10-23","2025-11-09","2025-11-07",553,109.44,60520.32,"On Time",0,"No delay","No"]
["PO00696",1,"M022","V07","2025-03-28","2025-05-20","2025-06-07",840,101.27,85066.8,"Late >3 Days",18,"Supplier capacity","No"]
["PO00697",1,"M027","V10","2025-08-16","2025-09-26","2025-09-25",1568,12.52,19631.36,"On Time",0,"No delay","No"]
["PO00698",1,"M025","V02","2025-08-21","2025-09-23","2025-09-22",179,47.06,8423.74,"On Time",0,"No delay","No"]
["PO00699",1,"M036","V10","2025-09-08","2025-10-20","2025-10-17",768,127.62,98012.16,"On Time",0,"No delay","No"]
["PO00700",1,"M040","V01","2025-11-07","2025-12-25","2025-12-25",189,25.58,4834.62,"On Time",0,"No delay","No"]
["PO00701",1,"M030","V03","2025-08-07","2025-08-30","2025-09-04",863,95.35,82287.05,"Late >3 Days",5,"Documentation","No"]
["PO00702",1,"M008","V02","2025-09-06","2025-10-08","2025-10-07",381,63.49,24189.69,"On Time",0,"No delay","No"]
["PO00703",1,"M030","V01","2025-05-06","2025-05-29","2025-05-27",747,95.35,71226.45,"On Time",0,"No delay","No"]
["PO00704",1,"M004","V09","2025-09-03","2025-09-21","2025-09-18",441,137.44,60611.04,"On Time",0,"No delay","No"]
["PO00705",1,"M012","V05","2025-09-25","2025-10-05","2025-10-03",1069,141.35,151103.15,"On Time",0,"No delay","No"]
["PO00706",1,"M014","V12","2025-02-22","2025-03-05","2025-03-03",404,21.96,8871.84,"On Time",0,"No delay","No"]
["PO00707",1,"M018","V12","2025-01-05","2025-02-26","2025-02-26",912,39.64,36151.68,"On Time",0,"No delay","No"]
["PO00708",1,"M055","V11","2025-04-25","2025-05-05","2025-05-11",592,116.56,69003.52,"Late >3 Days",6,"Supplier capacity","No"]
["PO00709",1,"M045","V02","2025-07-15","2025-07-28","2025-07-28",494,95.8,47325.2,"On Time",0,"No delay","No"]
["PO00710",1,"M002","V02","2025-03-14","2025-04-17","2025-04-15",773,56.1,43365.3,"On Time",0,"No delay","No"]
["PO00711",1,"M035","V10","2025-10-03","2025-11-18","2025-11-16",101,112.78,11390.78,"On Time",0,"No delay","No"]
["PO00712",1,"M054","V01","2025-04-26","2025-05-25","2025-05-23",994,130.34,129557.96,"On Time",0,"No delay","No"]
["PO00713",1,"M044","V09","2025-03-03","2025-04-11","2025-04-08",964,108.24,104343.36,"On Time",0,"No delay","No"]
["PO00714",1,"M052","V05","2025-03-13","2025-04-12","2025-04-29",424,41.01,17388.24,"Late >3 Days",17,"Documentation","Yes"]
["PO00715",1,"M043","V11","2025-06-22","2025-07-19","2025-07-19",664,125.21,83139.44,"On Time",0,"No delay","No"]
["PO00716",1,"M011","V05","2025-09-14","2025-11-01","2025-10-30",321,130.9,42018.9,"On Time",0,"No delay","No"]
["PO00717",1,"M027","V04","2025-06-15","2025-07-26","2025-07-26",1206,12.52,15099.12,"On Time",0,"No delay","No"]
["PO00718",1,"M037","V05","2025-06-21","2025-08-08","2025-08-05",195,17.3,3373.5,"On Time",0,"No delay","No"]
["PO00719",1,"M043","V01","2025-07-26","2025-08-22","2025-08-22",777,125.21,97288.17,"On Time",0,"No delay","No"]
["PO00720",1,"M015","V11","2025-02-22","2025-04-17","2025-04-15",668,50.09,33460.12,"On Time",0,"No delay","No"]

{"sheet":"Targets","index":4,"n_rows":5,"n_cols":4,"rows_kept":5}
["Metric","Target","Direction","Owner"]
["Fill rate",0.97,"Higher is better","Materials Planning"]
["PO on-time delivery",0.95,"Higher is better","Purchasing"]
["Stockout rate",0.03,"Lower is better","Planning"]
["Inventory turns",8,"Higher is better","Supply Chain"]

{"sheet":"ReadMe","index":5,"n_rows":29,"n_cols":8,"rows_kept":29,"merged":[[1,0,1,7],[3,0,3,7],[5,0,5,7],[6,1,6,7],[7,1,7,7],[8,1,8,7],[9,1,9,7],[10,1,10,7],[12,0,12,7],[18,0,18,7],[20,1,20,7],[21,1,21,7],[22,1,22,7],[23,1,23,7],[24,1,24,7],[25,1,25,7],[27,0,27,7],[28,0,28,7]]}
[]
["Project 2 | Inventory, Shortage & PO Delivery Optimization"]
[]
["A fictional materials-planning portfolio project that links inventory position, service performance and purchase-order delivery exceptions."]
[]
["POWER BI SETUP"]
["1","Import each worksheet as a separate table.","","","","","",""]
["2","Use the relationship map below; filter direction should normally be single.","","","","","",""]
["3","Create a Date table and mark it as the model date table.","","","","","",""]
["4","Add the suggested measures below, then build the recommended report pages.","","","","","",""]
["5","The data is fictional and intentionally includes realistic exceptions.","","","","","",""]
[]
["RELATIONSHIP MAP"]
["From table","From key","To table","To key"]
["DimMaterial","MaterialID","FactInventory","MaterialID"]
["DimMaterial","MaterialID","FactPOLines","MaterialID"]
["DimSupplier","SupplierID","FactPOLines","SupplierID"]
[]
["SUGGESTED DAX MEASURES"]
["Measure","DAX","","","","","",""]
["Fill Rate","DIVIDE(SUM(FactInventory[FulfilledQty]), SUM(FactInventory[DemandQty]))"]
["Stockout Events","SUM(FactInventory[StockoutFlag])"]
["PO OTD %","DIVIDE(CALCULATE(COUNTROWS(FactPOLines), FactPOLines[DaysLate] <= 0), COUNTROWS(FactPOLines))"]
["Inventory Value","SUMX(FactInventory, FactInventory[ClosingQty] * RELATED(DimMaterial[StandardCostUSD]))"]
["Backorder Value","SUMX(FactInventory, FactInventory[BackorderQty] * RELATED(DimMaterial[StandardCostUSD]))"]
["Average Days Late","AVERAGE(FactPOLines[DaysLate])"]
[]
["PORTFOLIO DISCLOSURE"]
["All company names, materials, suppliers, purchase orders and results are simulated for portfolio demonstration. The model is intended to show analytical thinking and dashboard design, not to represent a former employer."]